{"text_format":"3","workbook":"xlsx","n_sheets":19,"sheets":["封-2 招标控制价封面","扉-2 招标控制价扉页","表-01 总说明","表-04 单位工程招标控制价汇总表","表-08 分部分项工程和单价措施项目清单与计价表(含措施标题)","表-08 分部分项工程和单价措施项目清单与计价表(含分部小计)","表-09 综合单价分析表","表-09 综合单价分析表（全费用）","表-11 总价措施项目清单与计价表","表-12 其他项目清单与计价汇总表","表-12-1 暂列金额表","表-12-2 材料(工程设备)暂估价及调整表","表-12-3 专业工程暂估价及结算价表","表-12-4 计日工表","表-12-5 总承包服务费计价表","表-13 规费、税金项目清单与计价表","表-20 发包人提供材料和工程设备一览表","表-21 承包人提供主要材料和工程设备一览表","表-22 承包人提供主要材料和工程设备一览表"],"read":"whole","date_system":"1900"}

{"sheet":"封-2 招标控制价封面","index":0,"n_rows":10,"n_cols":7,"rows_kept":10,"merged":[[0,0,0,1],[0,2,0,5],[1,0,1,6],[2,0,2,6],[3,1,3,2],[3,3,3,4],[3,5,3,6],[4,1,4,2],[4,3,4,4],[4,5,4,6],[5,1,5,2],[5,3,5,4],[5,5,5,6],[6,1,6,2],[6,3,6,4],[6,5,6,6],[7,1,7,2],[7,3,7,4],[7,5,7,6],[8,1,8,2],[8,5,8,6],[9,0,9,1],[9,2,9,5]]}
[null,null,"给排水",{"$nulls":3},"工程"]
["招 标 控 制 价"]
[]
[null,"招  标  人：",null,"广东王德发建筑有限公司"]
[{"$nulls":3},"(单位盖章)"]
[null,"造价咨询人：",null,"黄广"]
[{"$nulls":3},"(单位盖章)"]
[{"$nulls":3},"2026-01-16"]
[]
[{"$nulls":6},"封-2"]

{"sheet":"扉-2 招标控制价扉页","index":1,"n_rows":13,"n_cols":7,"rows_kept":13,"merged":[[0,1,0,5],[1,0,1,6],[2,0,2,1],[2,3,2,6],[3,0,3,1],[3,3,3,6],[4,0,4,1],[4,5,4,6],[5,0,5,1],[5,2,5,3],[5,5,5,6],[6,0,6,1],[6,2,6,3],[6,5,6,6],[7,0,7,1],[7,2,7,3],[7,5,7,6],[8,0,8,1],[8,2,8,3],[8,5,8,6],[9,0,9,1],[9,2,9,3],[9,5,9,6],[10,0,10,1],[10,2,10,3],[10,5,10,6],[11,0,11,1],[11,2,11,3],[11,5,11,6],[12,1,12,5]]}
[null,"给排水",{"$nulls":4},"工程"]
["招 标 控 制 价"]
["招标控制价  ",null,"（小写）：","11,590.50"]
[null,null,"（大写）：","壹万壹仟伍佰玖拾元伍角"]
[]
["招  标  人：",null,"广东王德发建筑有限公司",null,"造价咨询人：","黄广"]
[null,null,"（单位盖章）",null,null,"(单位资质专用章)"]
["法定代表人  \n\n或其授权人：",null,"王德发",null,"法定代表人  \n\n  或其授权人：","陈贵"]
[null,null,"(签字或盖章)",null,null,"(签字或盖章)"]
["编  制  人：",null,"张华盛",null,"复  核  人：","叶国宏"]
[null,null,"(造价人员签字盖专用章)",null,null,"(造价工程师签字盖专用章)"]
["编 制 时 间：  ",null,"2026-01-16",null,"复 核 时 间：  ","2026-01-16"]
[{"$nulls":6},"扉-2"]

{"sheet":"表-01 总说明","index":2,"n_rows":8,"n_cols":5,"rows_kept":8,"merged":[[0,0,0,4],[1,0,1,3],[2,0,2,4],[3,0,3,2],[4,0,4,4],[5,0,5,3],[6,0,6,4],[7,0,7,2]]}
["总  说  明"]
["工程名称：给排水",{"$nulls":3},"第 1 页 共 2 页"]
["本次选中的案例位于福建省晋江市的晋江世茂人工湖项目，总建筑面积约为734㎡，建筑高度12.75m、耐火等级2级的多层住宅楼，并且标准层各层为一个防火分区。 \n1.管材：给水横管及立管采用钢塑管、丝扣连接给水支管采用PPR管、热熔连接。 \n2.管道暗装敷设：卫生间的给水管均采用嵌在墙内暗装形式：凡碰到剪力墙或柱子建议采用预留15mm浅槽 并沿槽敷设管道 然后利用其粉刷层及装修面层加以掩饰 敷设在楼板上的给水管利用找平层加以掩饰。架空给水管道均沿墙角敷设 在二次装修时用石膏线条加以梅示。卫生间，厨房内给水支管由二次装修设计。 \n广联达建模过程 \n1.  图纸导入与分割： \n导入PDF/CAD设计图纸（平面图、系统图、大样图）。使用「图纸管理」分割楼层，绑定对应图纸（如地下一层给排水平面图）。 \n2.  工程设置： \n设置工程名称、计算规则（清单/定额）、管道材质库（如PPR、镀锌钢管）。定义楼层标高（尤其注意管道穿楼板时的标高偏移）。 \n3.  卫生器具识别： \n使用「图例识别」或「自动识别」功能批量识别洗手盆、马桶、地漏等。手动补充CAD遗漏的器具（如用「点」绘制）。 \n4.  阀门仪表布置： \n识别阀门（截止阀、蝶阀）、水表、过滤器等附件。通过「设备提量」核对数量，调整属性（如阀门压力等级）。 \n5.  管线建模： \n主干管绘制：自动识别：框选CAD管线（需图层分离清晰），自动生成管道并匹配管径（如DN100）。手动绘制: 对复杂分支或CAD断线处，用「直线」或「三点画弧」补全。支管连接：从主干管引支管至卫生器具，设置支管管径（如DN25）、标高（距地0.3m）。管道属性调整：修改管道材质（如给水：PPR；排水：PVC-U）。设置管道坡度。 \n6.  系统检查与优化： \n通过「三维视图」观察管道走向，确保供水路径连续、排水坡度合理。 \n检查阀门、法兰等管件是否遗漏（如泵房需设软接头）。工程量统计：生成「分类工程量表」，导出管道长度、设备数量、保温面积等数据。 \n核对关键指标（如排水管总长是否与图纸标注一致）。 \n7.  导出成果文件： \n先在完成工程量计算和模型检查后，再可以将成果文件导出。可以导出的文件包括但不限于工程量报表、三维模型文件、图纸文件等。根据需要，可以将成果文件进行打印或保存为电子文档，以便后续使用。 "]
[{"$nulls":4},"表-01"]
["总  说  明"]
["工程名称：给排水",{"$nulls":3},"第 2 页 共 2 页"]
[]
[{"$nulls":4},"表-01"]

{"sheet":"表-04 单位工程招标控制价汇总表","index":3,"n_rows":38,"n_cols":6,"rows_kept":38,"merged":[[0,0,0,5],[1,0,1,2],[1,4,1,5],[2,2,2,4],[3,2,3,4],[4,2,4,4],[5,2,5,4],[6,2,6,4],[7,2,7,4],[8,2,8,4],[9,2,9,4],[10,2,10,4],[11,2,11,4],[12,2,12,4],[13,2,13,4],[14,2,14,4],[15,2,15,4],[16,2,16,4],[17,2,17,4],[18,2,18,4],[19,2,19,4],[20,2,20,4],[21,2,21,4],[22,2,22,4],[23,2,23,4],[24,2,24,4],[25,2,25,4],[26,2,26,4],[27,2,27,4],[28,2,28,4],[29,2,29,4],[30,2,30,4],[31,2,31,4],[32,2,32,4],[33,2,33,4],[34,2,34,4],[35,0,35,1],[35,2,35,4],[36,0,36,5],[37,0,37,2],[37,4,37,5]]}
["单位工程招标控制价汇总表"]
["工程名称：给排水",null,null,"标段：","第 1 页  共 1 页"]
["序号","汇总内容","金额:(元)",null,null,"其中：暂估价(元)"]
["1","分部分项合计","8699.70"]
["2","措施合计","1933.79"]
["2.1","绿色施工安全防护措施费","1933.79"]
["2.2","其他措施费"]
["3","其他项目",{"$nulls":3},"－"]
["3.1","暂列金额"]
["3.2","暂估价"]
["3.3","计日工"]
["3.4","总承包服务费"]
["3.5","预算包干费"]
["3.6","工程优质费"]
["3.7","概算幅度差"]
["3.8","索赔费用"]
["3.9","现场签证费用"]
["3.10","其他费用"]
["4","税前工程造价","10633.49"]
["5","增值税销项税额","957.01",null,null,"－"]
["6","总造价","11590.50"]
["7","人工费","5360.62"]
{"$rows_empty":13}
["招标控制价合计=1+2+3+5",null,"11,590.50",null,null,"0.00"]
["注：本表适用于单位工程招标控制价或投标报价的汇总，如无单位工程划分，单项工程也使用本表汇总"]
[{"$nulls":4},"表—04"]

{"sheet":"表-08 分部分项工程和单价措施项目清单与计价表(含措施标题)","index":4,"n_rows":55,"n_cols":11,"rows_kept":55,"merged":[[0,0,0,10],[1,0,1,3],[1,4,1,7],[1,8,1,10],[2,0,4,0],[2,1,4,1],[2,2,4,2],[2,3,4,4],[2,5,4,5],[2,6,4,6],[2,7,2,10],[3,7,4,8],[3,9,4,9],[5,3,5,4],[5,7,5,8],[6,3,6,4],[6,7,6,8],[7,3,7,4],[7,7,7,8],[8,3,8,4],[8,7,8,8],[9,3,9,4],[9,7,9,8],[10,3,10,4],[10,7,10,8],[11,3,11,4],[11,7,11,8],[12,3,12,4],[12,7,12,8],[13,3,13,4],[13,7,13,8],[14,3,14,4],[14,7,14,8],[15,3,15,4],[15,7,15,8],[16,3,16,4],[16,7,16,8],[17,3,17,4],[17,7,17,8],[18,3,18,4],[18,7,18,8],[19,3,19,4],[19,7,19,8],[20,3,20,4],[20,7,20,8],[21,3,21,4],[21,7,21,8],[22,3,22,4],[22,7,22,8],[23,0,23,8],[24,0,24,10],[25,0,25,3],[25,4,25,7],[25,8,25,10],[26,0,26,10],[27,0,27,3],[27,4,27,7],[27,8,27,10],[28,0,30,0],[28,1,30,1],[28,2,30,2],[28,3,30,4],[28,5,30,5],[28,6,30,6],[28,7,28,10],[29,7,30,8],[29,9,30,9],[31,3,31,4],[31,7,31,8],[32,3,32,4],[32,7,32,8],[33,3,33,4],[33,7,33,8],[34,3,34,4],[34,7,34,8],[35,3,35,4],[35,7,35,8],[36,3,36,4],[36,7,36,8],[37,3,37,4],[37,7,37,8],[38,3,38,4],[38,7,38,8],[39,3,39,4],[39,7,39,8],[40,3,40,4],[40,7,40,8],[41,3,41,4],[41,7,41,8],[42,3,42,4],[42,7,42,8],[43,3,43,4],[43,7,43,8],[44,3,44,4],[44,7,44,8],[45,3,45,4],[45,7,45,8],[46,3,46,4],[46,7,46,8],[47,3,47,4],[47,7,47,8],[48,3,48,4],[48,7,48,8],[49,3,49,4],[49,7,49,8],[50,3,50,4],[50,7,50,8],[51,0,51,8],[52,0,52,8],[53,0,53,10],[54,0,54,3],[54,4,54,7],[54,8,54,10]]}
["分部分项工程和单价措施项目清单与计价表"]
["工程名称：给排水",{"$nulls":3},"标段：",{"$nulls":3},"第 1 页  共 2 页"]
["序号","项目编码","项目名称","项目特征描述",null,"计量单位","工程量","金额（元）"]
[{"$nulls":7},"综合单价",null,"综合合价","其中"]
[{"$nulls":10},"暂估价"]
[null,null,"整个项目",{"$nulls":6},8699.7]
[1,"031004003001","洗脸盆","1. 类型: 台式洗脸盆",null,"组",12,93.54,null,1122.48]
[2,"040602028001","冲洗装置","1. 类型: 洗涤池",null,"套",2]
[3,"031004004001","洗涤盆","1. 类型: 洗涤盆",null,"组",2,87.16,null,174.32]
[4,"031004001001","浴缸","1. 类型: 浴盆",null,"组",4,185.53,null,742.12]
[5,"031004006001","大便器","1. 类型: 坐式大便器",null,"组",12]
[6,"031003001001","阀门","1. 类型: 截止阀",null,"个",10,64.82,null,648.2]
[7,"031003011001","水表",null,null,"组/个",1]
[8,"031004014001","给、排水附件","1. 型号: 洗衣机专用地漏",null,"个/组",2]
[9,"031001007001","复合管","1. 材质: 钢塑复合管\n2. 规格: DN32\n3. 连接形式: 丝扣连接",null,"m",9.083,53.12,null,482.49]
[10,"031001007002","复合管","1. 材质: 钢塑复合管\n2. 规格: DN40\n3. 连接形式: 丝扣连接",null,"m",4.65,53.91,null,250.68]
[11,"031001006001","塑料管","1. 材质: 给水用PP-R\n2. 规格: DN15\n3. 连接形式: 热熔连接",null,"m",1.687,6.89,null,11.62]
[12,"031001006002","塑料管","1. 材质: 给水用PP-R\n2. 规格: DN15\n3. 连接形式: 丝扣连接",null,"m",10.951,6.89,null,75.45]
[13,"031001006003","塑料管","1. 材质: 给水用PP-R\n2. 规格: DN20\n3. 连接形式: 热熔连接",null,"m",4.325,6.89,null,29.8]
[14,"031001006004","塑料管","1. 材质: 给水用PP-R\n2. 规格: DN25\n3. 连接形式: 丝扣连接",null,"m",19.701,7.41,null,145.98]
[15,"031001006005","塑料管","1. 材质: 给水用PP-R\n2. 规格: DN25\n3. 连接形式: 热熔连接",null,"m",0.897,7.41,null,6.65]
[16,"031001006006","塑料管","1. 材质: 给水用PP-R\n2. 规格: DN25\n3. 连接形式: 丝扣连接",null,"m",84.267,7.41,null,624.42]
[17,"031001006007","塑料管","1. 材质: 排水用PVC-U\n2. 规格: DN100\n3. 连接形式: 胶粘连接",null,"m",229.923,14.37,null,3303.99]
["本页小计",{"$nulls":8},7618.2]
["注：为计取规费等的使用，可在表中增设其中：“定额人工费”。"]
[{"$nulls":8},"表—08"]
["分部分项工程和单价措施项目清单与计价表"]
["工程名称：给排水",{"$nulls":3},"标段：",{"$nulls":3},"第 2 页  共 2 页"]
["序号","项目编码","项目名称","项目特征描述",null,"计量单位","工程量","金额（元）"]
[{"$nulls":7},"综合单价",null,"综合合价","其中"]
[{"$nulls":10},"暂估价"]
[18,"031001006008","塑料管","1. 材质: 排水用PVC-U\n2. 规格: DN32\n3. 连接形式: 胶粘连接",null,"m",6.6,5.92,null,39.07]
[19,"031001006009","塑料管","1. 材质: 排水用PVC-U\n2. 规格: DN50\n3. 连接形式: 胶粘连接",null,"m",25.06,8.15,null,204.24]
[20,"031001006010","塑料管","1. 材质: 排水用PVC-U\n2. 规格: DN75\n3. 连接形式: 胶粘连接",null,"m",10.763,11.63,null,125.17]
[21,"031003008001","软接头(软管)","1. 材质: 塑料\n2. 规格: DN100",null,"个/根",8]
[22,"031003008002","软接头(软管)","1. 材质: 塑料\n2. 规格: DN25",null,"个/根",2]
[23,"031003001002","阀门","1. 类型: 截止阀\n2. 规格、压力等级: DN15",null,"个",2,64.82,null,129.64]
[24,"031003001003","阀门","1. 类型: 截止阀\n2. 规格、压力等级: DN20",null,"个",2,64.82,null,129.64]
[25,"031003001004","阀门","1. 类型: 截止阀\n2. 规格、压力等级: DN25",null,"个",3,64.82,null,194.46]
[26,"031003001005","阀门","1. 类型: 截止阀\n2. 规格、压力等级: DN20",null,"个",4,64.82,null,259.28]
[27,"031004014002","给、排水附件","1. 型号: 地漏\n2. 规格: DN50",null,"个/组",6]
[28,"031004014003","给、排水附件","1. 型号: 地漏\n2. 规格: DN100",null,"个/组",10]
[null,null,"措施项目"]
[null,"2","措施其他项目"]
[29,"031302007001","高层施工增加",null,null,"项",1]
[30,"031301017001","脚手架搭拆费",null,null,"项",1]
[31,"031301005001","套管","1. 名称、类型: 柔性防水套管",null,"个",33]
[]
[]
[]
[]
["本页小计",{"$nulls":8},1081.5]
["合   计",{"$nulls":8},8699.7]
["注：为计取规费等的使用，可在表中增设其中：“定额人工费”。"]
[{"$nulls":8},"表—08"]

{"sheet":"表-08 分部分项工程和单价措施项目清单与计价表(含分部小计)","index":5,"n_rows":55,"n_cols":11,"rows_kept":55,"merged":[[0,0,0,10],[1,0,1,3],[1,4,1,7],[1,8,1,10],[2,0,4,0],[2,1,4,1],[2,2,4,2],[2,3,4,4],[2,5,4,5],[2,6,4,6],[2,7,2,10],[3,7,4,8],[3,9,4,9],[5,3,5,4],[5,7,5,8],[6,3,6,4],[6,7,6,8],[7,3,7,4],[7,7,7,8],[8,3,8,4],[8,7,8,8],[9,3,9,4],[9,7,9,8],[10,3,10,4],[10,7,10,8],[11,3,11,4],[11,7,11,8],[12,3,12,4],[12,7,12,8],[13,3,13,4],[13,7,13,8],[14,3,14,4],[14,7,14,8],[15,3,15,4],[15,7,15,8],[16,3,16,4],[16,7,16,8],[17,3,17,4],[17,7,17,8],[18,3,18,4],[18,7,18,8],[19,3,19,4],[19,7,19,8],[20,3,20,4],[20,7,20,8],[21,3,21,4],[21,7,21,8],[22,3,22,4],[22,7,22,8],[23,0,23,8],[24,0,24,10],[25,0,25,3],[25,4,25,7],[25,8,25,10],[26,0,26,10],[27,0,27,3],[27,4,27,7],[27,8,27,10],[28,0,30,0],[28,1,30,1],[28,2,30,2],[28,3,30,4],[28,5,30,5],[28,6,30,6],[28,7,28,10],[29,7,30,8],[29,9,30,9],[31,3,31,4],[31,7,31,8],[32,3,32,4],[32,7,32,8],[33,3,33,4],[33,7,33,8],[34,3,34,4],[34,7,34,8],[35,3,35,4],[35,7,35,8],[36,3,36,4],[36,7,36,8],[37,3,37,4],[37,7,37,8],[38,3,38,4],[38,7,38,8],[39,3,39,4],[39,7,39,8],[40,3,40,4],[40,7,40,8],[41,3,41,4],[41,7,41,8],[42,3,42,4],[42,7,42,8],[43,3,43,4],[43,7,43,8],[44,3,44,4],[44,7,44,8],[45,3,45,4],[45,7,45,8],[46,3,46,4],[46,7,46,8],[47,3,47,4],[47,7,47,8],[48,3,48,4],[48,7,48,8],[49,3,49,4],[49,7,49,8],[50,3,50,4],[50,7,50,8],[51,0,51,8],[52,0,52,8],[53,0,53,10],[54,0,54,3],[54,4,54,7],[54,8,54,10]]}
["分部分项工程和单价措施项目清单与计价表"]
["工程名称：给排水",{"$nulls":3},"标段：",{"$nulls":3},"第 1 页  共 2 页"]
["序号","项目编码","项目名称","项目特征描述",null,"计量单位","工程量","金额（元）"]
[{"$nulls":7},"综合单价",null,"综合合价","其中"]
[{"$nulls":10},"暂估价"]
[null,null,"整个项目"]
[1,"031004003001","洗脸盆","1. 类型: 台式洗脸盆",null,"组",12,93.54,null,1122.48]
[2,"040602028001","冲洗装置","1. 类型: 洗涤池",null,"套",2]
[3,"031004004001","洗涤盆","1. 类型: 洗涤盆",null,"组",2,87.16,null,174.32]
[4,"031004001001","浴缸","1. 类型: 浴盆",null,"组",4,185.53,null,742.12]
[5,"031004006001","大便器","1. 类型: 坐式大便器",null,"组",12]
[6,"031003001001","阀门","1. 类型: 截止阀",null,"个",10,64.82,null,648.2]
[7,"031003011001","水表",null,null,"组/个",1]
[8,"031004014001","给、排水附件","1. 型号: 洗衣机专用地漏",null,"个/组",2]
[9,"031001007001","复合管","1. 材质: 钢塑复合管\n2. 规格: DN32\n3. 连接形式: 丝扣连接",null,"m",9.083,53.12,null,482.49]
[10,"031001007002","复合管","1. 材质: 钢塑复合管\n2. 规格: DN40\n3. 连接形式: 丝扣连接",null,"m",4.65,53.91,null,250.68]
[11,"031001006001","塑料管","1. 材质: 给水用PP-R\n2. 规格: DN15\n3. 连接形式: 热熔连接",null,"m",1.687,6.89,null,11.62]
[12,"031001006002","塑料管","1. 材质: 给水用PP-R\n2. 规格: DN15\n3. 连接形式: 丝扣连接",null,"m",10.951,6.89,null,75.45]
[13,"031001006003","塑料管","1. 材质: 给水用PP-R\n2. 规格: DN20\n3. 连接形式: 热熔连接",null,"m",4.325,6.89,null,29.8]
[14,"031001006004","塑料管","1. 材质: 给水用PP-R\n2. 规格: DN25\n3. 连接形式: 丝扣连接",null,"m",19.701,7.41,null,145.98]
[15,"031001006005","塑料管","1. 材质: 给水用PP-R\n2. 规格: DN25\n3. 连接形式: 热熔连接",null,"m",0.897,7.41,null,6.65]
[16,"031001006006","塑料管","1. 材质: 给水用PP-R\n2. 规格: DN25\n3. 连接形式: 丝扣连接",null,"m",84.267,7.41,null,624.42]
[17,"031001006007","塑料管","1. 材质: 排水用PVC-U\n2. 规格: DN100\n3. 连接形式: 胶粘连接",null,"m",229.923,14.37,null,3303.99]
["本页小计",{"$nulls":8},7618.2]
["注：为计取规费等的使用，可在表中增设其中：“定额人工费”。"]
[{"$nulls":8},"表—08"]
["分部分项工程和单价措施项目清单与计价表"]
["工程名称：给排水",{"$nulls":3},"标段：",{"$nulls":3},"第 2 页  共 2 页"]
["序号","项目编码","项目名称","项目特征描述",null,"计量单位","工程量","金额（元）"]
[{"$nulls":7},"综合单价",null,"综合合价","其中"]
[{"$nulls":10},"暂估价"]
[18,"031001006008","塑料管","1. 材质: 排水用PVC-U\n2. 规格: DN32\n3. 连接形式: 胶粘连接",null,"m",6.6,5.92,null,39.07]
[19,"031001006009","塑料管","1. 材质: 排水用PVC-U\n2. 规格: DN50\n3. 连接形式: 胶粘连接",null,"m",25.06,8.15,null,204.24]
[20,"031001006010","塑料管","1. 材质: 排水用PVC-U\n2. 规格: DN75\n3. 连接形式: 胶粘连接",null,"m",10.763,11.63,null,125.17]
[21,"031003008001","软接头(软管)","1. 材质: 塑料\n2. 规格: DN100",null,"个/根",8]
[22,"031003008002","软接头(软管)","1. 材质: 塑料\n2. 规格: DN25",null,"个/根",2]
[23,"031003001002","阀门","1. 类型: 截止阀\n2. 规格、压力等级: DN15",null,"个",2,64.82,null,129.64]
[24,"031003001003","阀门","1. 类型: 截止阀\n2. 规格、压力等级: DN20",null,"个",2,64.82,null,129.64]
[25,"031003001004","阀门","1. 类型: 截止阀\n2. 规格、压力等级: DN25",null,"个",3,64.82,null,194.46]
[26,"031003001005","阀门","1. 类型: 截止阀\n2. 规格、压力等级: DN20",null,"个",4,64.82,null,259.28]
[27,"031004014002","给、排水附件","1. 型号: 地漏\n2. 规格: DN50",null,"个/组",6]
[28,"031004014003","给、排水附件","1. 型号: 地漏\n2. 规格: DN100",null,"个/组",10]
[null,null,"分部分项合计",{"$nulls":6},8699.7]
[null,null,"措施项目"]
[29,"031302007001","高层施工增加",null,null,"项",1]
[30,"031301017001","脚手架搭拆费",null,null,"项",1]
[31,"031301005001","套管","1. 名称、类型: 柔性防水套管",null,"个",33]
[null,null,"单价措施合计"]
[]
[]
[]
["本页小计",{"$nulls":8},1081.5]
["合   计",{"$nulls":8},8699.7]
["注：为计取规费等的使用，可在表中增设其中：“定额人工费”。"]
[{"$nulls":8},"表—08"]

{"sheet":"表-09 综合单价分析表","index":6,"n_rows":705,"n_cols":14,"rows_kept":705,"merged":[[0,0,0,13],[1,0,1,7],[1,8,1,9],[1,10,1,13],[2,0,2,1],[2,2,2,3],[2,5,2,8],[2,9,2,10],[3,0,3,13],[4,4,4,8],[4,9,4,13],[5,7,5,8],[5,9,5,10],[6,7,6,8],[6,9,6,10],[7,0,7,1],[7,2,7,8],[7,9,7,10],[8,0,8,1],[8,2,8,8],[8,9,8,13],[9,0,9,8],[9,9,9,13],[10,1,10,5],[10,7,10,8],[10,9,10,10],[11,1,11,5],[11,7,11,8],[11,9,11,10],[12,1,12,5],[12,7,12,8],[12,9,12,10],[13,1,13,5],[13,7,13,8],[13,9,13,10],[14,1,14,5],[14,7,14,8],[14,9,14,10],[15,1,15,5],[15,7,15,8],[15,9,15,10],[16,1,16,5],[16,7,16,8],[16,9,16,10],[17,1,17,8],[17,9,17,10],[18,1,18,8],[18,9,18,10],[19,1,19,5],[19,7,19,8],[19,9,19,10],[20,1,20,5],[20,7,20,8],[20,9,20,10],[21,0,21,13],[22,0,22,7],[22,8,22,9],[22,10,22,13],[23,0,23,13],[24,0,24,7],[24,8,24,9],[24,10,24,13],[25,0,25,1],[25,2,25,3],[25,5,25,8],[25,9,25,10],[26,0,26,13],[27,4,27,8],[27,9,27,13],[28,7,28,8],[28,9,28,10],[29,7,29,8],[29,9,29,10],[30,0,30,1],[30,2,30,8],[30,9,30,10],[31,0,31,1],[31,2,31,8],[31,9,31,13],[32,0,32,8],[32,9,32,13],[33,1,33,5],[33,7,33,8],[33,9,33,10],[34,1,34,5],[34,7,34,8],[34,9,34,10],[35,1,35,5],[35,7,35,8],[35,9,35,10],[36,1,36,5],[36,7,36,8],[36,9,36,10],[37,1,37,5],[37,7,37,8],[37,9,37,10],[38,1,38,5],[38,7,38,8],[38,9,38,10],[39,1,39,8],[39,9,39,10],[40,1,40,8],[40,9,40,10],[41,1,41,5],[41,7,41,8],[41,9,41,10],[42,1,42,5],[42,7,42,8],[42,9,42,10],[43,1,43,5],[43,7,43,8],[43,9,43,10],[44,0,44,13],[45,0,45,7],[45,8,45,9],[45,10,45,13],[46,0,46,13],[47,0,47,7],[47,8,47,9],[47,10,47,13],[48,0,48,1],[48,2,48,3],[48,5,48,8],[48,9,48,10],[49,0,49,13],[50,4,50,8],[50,9,50,13],[51,7,51,8],[51,9,51,10],[52,7,52,8],[52,9,52,10],[53,0,53,1],[53,2,53,8],[53,9,53,10],[54,0,54,1],[54,2,54,8],[54,9,54,13],[55,0,55,8],[55,9,55,13],[56,1,56,5],[56,7,56,8],[56,9,56,10],[57,1,57,5],[57,7,57,8],[57,9,57,10],[58,1,58,5],[58,7,58,8],[58,9,58,10],[59,1,59,5],[59,7,59,8],[59,9,59,10],[60,1,60,5],[60,7,60,8],[60,9,60,10],[61,1,61,5],[61,7,61,8],[61,9,61,10],[62,1,62,8],[62,9,62,10],[63,1,63,8],[63,9,63,10],[64,1,64,5],[64,7,64,8],[64,9,64,10],[65,1,65,5],[65,7,65,8],[65,9,65,10],[66,1,66,5],[66,7,66,8],[66,9,66,10],[67,0,67,13],[68,0,68,7],[68,8,68,9],[68,10,68,13],[69,0,69,13],[70,0,70,7],[70,8,70,9],[70,10,70,13],[71,0,71,1],[71,2,71,3],[71,5,71,8],[71,9,71,10],[72,0,72,13],[73,4,73,8],[73,9,73,13],[74,7,74,8],[74,9,74,10],[75,7,75,8],[75,9,75,10],[76,0,76,1],[76,2,76,8],[76,9,76,10],[77,0,77,1],[77,2,77,8],[77,9,77,13],[78,0,78,8],[78,9,78,13],[79,1,79,5],[79,7,79,8],[79,9,79,10],[80,1,80,5],[80,7,80,8],[80,9,80,10],[81,1,81,5],[81,7,81,8],[81,9,81,10],[82,1,82,5],[82,7,82,8],[82,9,82,10],[83,1,83,5],[83,7,83,8],[83,9,83,10],[84,1,84,8],[84,9,84,10],[85,1,85,8],[85,9,85,10],[86,1,86,5],[86,7,86,8],[86,9,86,10],[87,1,87,5],[87,7,87,8],[87,9,87,10],[88,1,88,5],[88,7,88,8],[88,9,88,10],[89,1,89,5],[89,7,89,8],[89,9,89,10],[90,0,90,13],[91,0,91,7],[91,8,91,9],[91,10,91,13],[92,0,92,13],[93,0,93,7],[93,8,93,9],[93,10,93,13],[94,0,94,1],[94,2,94,3],[94,5,94,8],[94,9,94,10],[95,0,95,13],[96,4,96,8],[96,9,96,13],[97,7,97,8],[97,9,97,10],[98,7,98,8],[98,9,98,10],[99,0,99,1],[99,2,99,8],[99,9,99,10],[100,0,100,1],[100,2,100,8],[100,9,100,13],[101,0,101,8],[101,9,101,13],[102,1,102,5],[102,7,102,8],[102,9,102,10],[103,1,103,5],[103,7,103,8],[103,9,103,10],[104,1,104,5],[104,7,104,8],[104,9,104,10],[105,1,105,5],[105,7,105,8],[105,9,105,10],[106,1,106,5],[106,7,106,8],[106,9,106,10],[107,1,107,5],[107,7,107,8],[107,9,107,10],[108,1,108,5],[108,7,108,8],[108,9,108,10],[109,1,109,8],[109,9,109,10],[110,1,110,8],[110,9,110,10],[111,1,111,5],[111,7,111,8],[111,9,111,10],[112,1,112,5],[112,7,112,8],[112,9,112,10],[113,0,113,13],[114,0,114,7],[114,8,114,9],[114,10,114,13],[115,0,115,13],[116,0,116,7],[116,8,116,9],[116,10,116,13],[117,0,117,1],[117,2,117,3],[117,5,117,8],[117,9,117,10],[118,0,118,13],[119,4,119,8],[119,9,119,13],[120,7,120,8],[120,9,120,10],[121,7,121,8],[121,9,121,10],[122,0,122,1],[122,2,122,8],[122,9,122,10],[123,0,123,1],[123,2,123,8],[123,9,123,13],[124,0,124,8],[124,9,124,13],[125,1,125,5],[125,7,125,8],[125,9,125,10],[126,1,126,8],[126,9,126,10],[127,1,127,8],[127,9,127,10],[128,1,128,5],[128,7,128,8],[128,9,128,10],[129,1,129,5],[129,7,129,8],[129,9,129,10],[130,1,130,5],[130,7,130,8],[130,9,130,10],[131,1,131,5],[131,7,131,8],[131,9,131,10],[132,1,132,5],[132,7,132,8],[132,9,132,10],[133,1,133,5],[133,7,133,8],[133,9,133,10],[134,1,134,5],[134,7,134,8],[134,9,134,10],[135,1,135,5],[135,7,135,8],[135,9,135,10],[136,0,136,13],[137,0,137,7],[137,8,137,9],[137,10,137,13],[138,0,138,13],[139,0,139,7],[139,8,139,9],[139,10,139,13],[140,0,140,1],[140,2,140,3],[140,5,140,8],[140,9,140,10],[141,0,141,13],[142,4,142,8],[142,9,142,13],[143,7,143,8],[143,9,143,10],[144,7,144,8],[144,9,144,10],[145,0,145,1],[145,2,145,8],[145,9,145,10],[146,0,146,1],[146,2,146,8],[146,9,146,13],[147,0,147,8],[147,9,147,13],[148,1,148,5],[148,7,148,8],[148,9,148,10],[149,1,149,5],[149,7,149,8],[149,9,149,10],[150,1,150,8],[150,9,150,10],[151,1,151,8],[151,9,151,10],[152,1,152,5],[152,7,152,8],[152,9,152,10],[153,1,153,5],[153,7,153,8],[153,9,153,10],[154,1,154,5],[154,7,154,8],[154,9,154,10],[155,1,155,5],[155,7,155,8],[155,9,155,10],[156,1,156,5],[156,7,156,8],[156,9,156,10],[157,1,157,5],[157,7,157,8],[157,9,157,10],[158,1,158,5],[158,7,158,8],[158,9,158,10],[159,0,159,13],[160,0,160,7],[160,8,160,9],[160,10,160,13],[161,0,161,13],[162,0,162,7],[162,8,162,9],[162,10,162,13],[163,0,163,1],[163,2,163,3],[163,5,163,8],[163,9,163,10],[164,0,164,13],[165,4,165,8],[165,9,165,13],[166,7,166,8],[166,9,166,10],[167,7,167,8],[167,9,167,10],[168,0,168,1],[168,2,168,8],[168,9,168,10],[169,0,169,1],[169,2,169,8],[169,9,169,13],[170,0,170,8],[170,9,170,13],[171,1,171,5],[171,7,171,8],[171,9,171,10],[172,1,172,5],[172,7,172,8],[172,9,172,10],[173,1,173,8],[173,9,173,10],[174,1,174,8],[174,9,174,10],[175,1,175,5],[175,7,175,8],[175,9,175,10],[176,1,176,5],[176,7,176,8],[176,9,176,10],[177,1,177,5],[177,7,177,8],[177,9,177,10],[178,1,178,5],[178,7,178,8],[178,9,178,10],[179,1,179,5],[179,7,179,8],[179,9,179,10],[180,1,180,5],[180,7,180,8],[180,9,180,10],[181,1,181,5],[181,7,181,8],[181,9,181,10],[182,0,182,13],[183,0,183,7],[183,8,183,9],[183,10,183,13],[184,0,184,13],[185,0,185,7],[185,8,185,9],[185,10,185,13],[186,0,186,1],[186,2,186,3],[186,5,186,8],[186,9,186,10],[187,0,187,13],[188,4,188,8],[188,9,188,13],[189,7,189,8],[189,9,189,10],[190,7,190,8],[190,9,190,10],[191,0,191,1],[191,2,191,8],[191,9,191,10],[192,0,192,1],[192,2,192,8],[192,9,192,13],[193,0,193,8],[193,9,193,13],[194,1,194,5],[194,7,194,8],[194,9,194,10],[195,1,195,5],[195,7,195,8],[195,9,195,10],[196,1,196,5],[196,7,196,8],[196,9,196,10],[197,1,197,8],[197,9,197,10],[198,1,198,8],[198,9,198,10],[199,1,199,5],[199,7,199,8],[199,9,199,10],[200,1,200,5],[200,7,200,8],[200,9,200,10],[201,1,201,5],[201,7,201,8],[201,9,201,10],[202,1,202,5],[202,7,202,8],[202,9,202,10],[203,1,203,5],[203,7,203,8],[203,9,203,10],[204,0,204,13],[205,0,205,7],[205,8,205,9],[205,10,205,13],[206,0,206,13],[207,0,207,7],[207,8,207,9],[207,10,207,13],[208,0,208,1],[208,2,208,3],[208,5,208,8],[208,9,208,10],[209,0,209,13],[210,4,210,8],[210,9,210,13],[211,7,211,8],[211,9,211,10],[212,7,212,8],[212,9,212,10],[213,0,213,1],[213,2,213,8],[213,9,213,10],[214,0,214,1],[214,2,214,8],[214,9,214,13],[215,0,215,8],[215,9,215,13],[216,1,216,5],[216,7,216,8],[216,9,216,10],[217,1,217,5],[217,7,217,8],[217,9,217,10],[218,1,218,5],[218,7,218,8],[218,9,218,10],[219,1,219,8],[219,9,219,10],[220,1,220,8],[220,9,220,10],[221,1,221,5],[221,7,221,8],[221,9,221,10],[222,1,222,5],[222,7,222,8],[222,9,222,10],[223,1,223,5],[223,7,223,8],[223,9,223,10],[224,1,224,5],[224,7,224,8],[224,9,224,10],[225,1,225,5],[225,7,225,8],[225,9,225,10],[226,0,226,13],[227,0,227,7],[227,8,227,9],[227,10,227,13],[228,0,228,13],[229,0,229,7],[229,8,229,9],[229,10,229,13],[230,0,230,1],[230,2,230,3],[230,5,230,8],[230,9,230,10],[231,0,231,13],[232,4,232,8],[232,9,232,13],[233,7,233,8],[233,9,233,10],[234,7,234,8],[234,9,234,10],[235,0,235,1],[235,2,235,8],[235,9,235,10],[236,0,236,1],[236,2,236,8],[236,9,236,13],[237,0,237,8],[237,9,237,13],[238,1,238,5],[238,7,238,8],[238,9,238,10],[239,1,239,5],[239,7,239,8],[239,9,239,10],[240,1,240,8],[240,9,240,10],[241,1,241,8],[241,9,241,10],[242,1,242,5],[242,7,242,8],[242,9,242,10],[243,1,243,5],[243,7,243,8],[243,9,243,10],[244,1,244,5],[244,7,244,8],[244,9,244,10],[245,1,245,5],[245,7,245,8],[245,9,245,10],[246,1,246,5],[246,7,246,8],[246,9,246,10],[247,1,247,5],[247,7,247,8],[247,9,247,10],[248,1,248,5],[248,7,248,8],[248,9,248,10],[249,0,249,13],[250,0,250,7],[250,8,250,9],[250,10,250,13],[251,0,251,13],[252,0,252,7],[252,8,252,9],[252,10,252,13],[253,0,253,1],[253,2,253,3],[253,5,253,8],[253,9,253,10],[254,0,254,13],[255,4,255,8],[255,9,255,13],[256,7,256,8],[256,9,256,10],[257,7,257,8],[257,9,257,10],[258,0,258,1],[258,2,258,8],[258,9,258,10],[259,0,259,1],[259,2,259,8],[259,9,259,13],[260,0,260,8],[260,9,260,13],[261,1,261,5],[261,7,261,8],[261,9,261,10],[262,1,262,5],[262,7,262,8],[262,9,262,10],[263,1,263,8],[263,9,263,10],[264,1,264,8],[264,9,264,10],[265,1,265,5],[265,7,265,8],[265,9,265,10],[266,1,266,5],[266,7,266,8],[266,9,266,10],[267,1,267,5],[267,7,267,8],[267,9,267,10],[268,1,268,5],[268,7,268,8],[268,9,268,10],[269,1,269,5],[269,7,269,8],[269,9,269,10],[270,1,270,5],[270,7,270,8],[270,9,270,10],[271,1,271,5],[271,7,271,8],[271,9,271,10],[272,0,272,13],[273,0,273,7],[273,8,273,9],[273,10,273,13],[274,0,274,13],[275,0,275,7],[275,8,275,9],[275,10,275,13],[276,0,276,1],[276,2,276,3],[276,5,276,8],[276,9,276,10],[277,0,277,13],[278,4,278,8],[278,9,278,13],[279,7,279,8],[279,9,279,10],[280,7,280,8],[280,9,280,10],[281,0,281,1],[281,2,281,8],[281,9,281,10],[282,0,282,1],[282,2,282,8],[282,9,282,13],[283,0,283,8],[283,9,283,13],[284,1,284,5],[284,7,284,8],[284,9,284,10],[285,1,285,5],[285,7,285,8],[285,9,285,10],[286,1,286,8],[286,9,286,10],[287,1,287,8],[287,9,287,10],[288,1,288,5],[288,7,288,8],[288,9,288,10],[289,1,289,5],[289,7,289,8],[289,9,289,10],[290,1,290,5],[290,7,290,8],[290,9,290,10],[291,1,291,5],[291,7,291,8],[291,9,291,10],[292,1,292,5],[292,7,292,8],[292,9,292,10],[293,1,293,5],[293,7,293,8],[293,9,293,10],[294,1,294,5],[294,7,294,8],[294,9,294,10],[295,0,295,13],[296,0,296,7],[296,8,296,9],[296,10,296,13],[297,0,297,13],[298,0,298,7],[298,8,298,9],[298,10,298,13],[299,0,299,1],[299,2,299,3],[299,5,299,8],[299,9,299,10],[300,0,300,13],[301,4,301,8],[301,9,301,13],[302,7,302,8],[302,9,302,10],[303,7,303,8],[303,9,303,10],[304,0,304,1],[304,2,304,8],[304,9,304,10],[305,0,305,1],[305,2,305,8],[305,9,305,13],[306,0,306,8],[306,9,306,13],[307,1,307,5],[307,7,307,8],[307,9,307,10],[308,1,308,5],[308,7,308,8],[308,9,308,10],[309,1,309,8],[309,9,309,10],[310,1,310,8],[310,9,310,10],[311,1,311,5],[311,7,311,8],[311,9,311,10],[312,1,312,5],[312,7,312,8],[312,9,312,10],[313,1,313,5],[313,7,313,8],[313,9,313,10],[314,1,314,5],[314,7,314,8],[314,9,314,10],[315,1,315,5],[315,7,315,8],[315,9,315,10],[316,1,316,5],[316,7,316,8],[316,9,316,10],[317,1,317,5],[317,7,317,8],[317,9,317,10],[318,0,318,13],[319,0,319,7],[319,8,319,9],[319,10,319,13],[320,0,320,13],[321,0,321,7],[321,8,321,9],[321,10,321,13],[322,0,322,1],[322,2,322,3],[322,5,322,8],[322,9,322,10],[323,0,323,13],[324,4,324,8],[324,9,324,13],[325,7,325,8],[325,9,325,10],[326,7,326,8],[326,9,326,10],[327,0,327,1],[327,2,327,8],[327,9,327,10],[328,0,328,1],[328,2,328,8],[328,9,328,13],[329,0,329,8],[329,9,329,13],[330,1,330,5],[330,7,330,8],[330,9,330,10],[331,1,331,5],[331,7,331,8],[331,9,331,10],[332,1,332,8],[332,9,332,10],[333,1,333,8],[333,9,333,10],[334,1,334,5],[334,7,334,8],[334,9,334,10],[335,1,335,5],[335,7,335,8],[335,9,335,10],[336,1,336,5],[336,7,336,8],[336,9,336,10],[337,1,337,5],[337,7,337,8],[337,9,337,10],[338,1,338,5],[338,7,338,8],[338,9,338,10],[339,1,339,5],[339,7,339,8],[339,9,339,10],[340,1,340,5],[340,7,340,8],[340,9,340,10],[341,0,341,13],[342,0,342,7],[342,8,342,9],[342,10,342,13],[343,0,343,13],[344,0,344,7],[344,8,344,9],[344,10,344,13],[345,0,345,1],[345,2,345,3],[345,5,345,8],[345,9,345,10],[346,0,346,13],[347,4,347,8],[347,9,347,13],[348,7,348,8],[348,9,348,10],[349,7,349,8],[349,9,349,10],[350,0,350,1],[350,2,350,8],[350,9,350,10],[351,0,351,1],[351,2,351,8],[351,9,351,13],[352,0,352,8],[352,9,352,13],[353,1,353,5],[353,7,353,8],[353,9,353,10],[354,1,354,5],[354,7,354,8],[354,9,354,10],[355,1,355,8],[355,9,355,10],[356,1,356,8],[356,9,356,10],[357,1,357,5],[357,7,357,8],[357,9,357,10],[358,1,358,5],[358,7,358,8],[358,9,358,10],[359,1,359,5],[359,7,359,8],[359,9,359,10],[360,1,360,5],[360,7,360,8],[360,9,360,10],[361,1,361,5],[361,7,361,8],[361,9,361,10],[362,1,362,5],[362,7,362,8],[362,9,362,10],[363,1,363,5],[363,7,363,8],[363,9,363,10],[364,0,364,13],[365,0,365,7],[365,8,365,9],[365,10,365,13],[366,0,366,13],[367,0,367,7],[367,8,367,9],[367,10,367,13],[368,0,368,1],[368,2,368,3],[368,5,368,8],[368,9,368,10],[369,0,369,13],[370,4,370,8],[370,9,370,13],[371,7,371,8],[371,9,371,10],[372,7,372,8],[372,9,372,10],[373,0,373,1],[373,2,373,8],[373,9,373,10],[374,0,374,1],[374,2,374,8],[374,9,374,13],[375,0,375,8],[375,9,375,13],[376,1,376,5],[376,7,376,8],[376,9,376,10],[377,1,377,5],[377,7,377,8],[377,9,377,10],[378,1,378,8],[378,9,378,10],[379,1,379,8],[379,9,379,10],[380,1,380,5],[380,7,380,8],[380,9,380,10],[381,1,381,5],[381,7,381,8],[381,9,381,10],[382,1,382,5],[382,7,382,8],[382,9,382,10],[383,1,383,5],[383,7,383,8],[383,9,383,10],[384,1,384,5],[384,7,384,8],[384,9,384,10],[385,1,385,5],[385,7,385,8],[385,9,385,10],[386,1,386,5],[386,7,386,8],[386,9,386,10],[387,0,387,13],[388,0,388,7],[388,8,388,9],[388,10,388,13],[389,0,389,13],[390,0,390,7],[390,8,390,9],[390,10,390,13],[391,0,391,1],[391,2,391,3],[391,5,391,8],[391,9,391,10],[392,0,392,13],[393,4,393,8],[393,9,393,13],[394,7,394,8],[394,9,394,10],[395,7,395,8],[395,9,395,10],[396,0,396,1],[396,2,396,8],[396,9,396,10],[397,0,397,1],[397,2,397,8]],"merged_total":1935,"flags":["merged_cut"]}
["综合单价分析表"]
["工程名称：给排水",{"$nulls":7},"标段：",null,"第 1 页  共 31 页"]
["项目编码",null,"031004003001",null,"项目名称","洗脸盆",{"$nulls":3},"计量单位",null,"组","工程量",12]
["清单综合单价组成明细"]
["定额编号","定额项目名称","定额\n单位","数量","单价",{"$nulls":4},"合价"]
[{"$nulls":4},"人工费","材料费","机具费","管理费\n和利润",null,"人工费",null,"材料费","机具费","管理费\n和利润"]
["C10-4-20","洗脸盆 台上式 冷热水","10组",0.1,573.17,88.73,null,273.51,null,57.32,null,8.87,null,27.35]
["人工单价",null,"小计",{"$nulls":6},57.32,null,8.87,null,27.35]
[null,null,"未计价材料费"]
["清单项目综合单价",{"$nulls":8},93.54]
["材\n料\n费\n明\n细","主要材料名称、规格、型号",{"$nulls":4},"单位","数量",null,"单价（元）",null,"合价（元）","暂估单价\n（元）","暂估合价\n（元）"]
[null,"洗脸盆 ",{"$nulls":4},"套",1.01]
[null,"洗脸盆排水附件 ",{"$nulls":4},"套",1.01]
[null,"混合冷热龙头 ",{"$nulls":4},"个",1.01]
[null,"角型阀(带铜活) DN15",{"$nulls":4},"个",2.02]
[null,"螺纹管件 DN15",{"$nulls":4},"个",2.02]
[null,"金属软管 DN15",{"$nulls":4},"条",2.02]
[null,"其他材料费",{"$nulls":7},"-",null,8.87,"-"]
[null,"材料费小计",{"$nulls":7},"-",null,8.87,"-"]
[]
[]
["注：1.如不使用省级或行业建设主管部门发布的计价依据，可不填定额编码、名称等；\n    2.招标文件提供了暂估单价的材料，按暂估的单价填入表内“暂估单价”栏及“暂估合价”栏。"]
[{"$nulls":10},"表-09"]
["综合单价分析表"]
["工程名称：给排水",{"$nulls":7},"标段：",null,"第 2 页  共 31 页"]
["项目编码",null,"040602028001",null,"项目名称","冲洗装置",{"$nulls":3},"计量单位",null,"套","工程量",2]
["清单综合单价组成明细"]
["定额编号","定额项目名称","定额\n单位","数量","单价",{"$nulls":4},"合价"]
[{"$nulls":4},"人工费","材料费","机具费","管理费\n和利润",null,"人工费",null,"材料费","机具费","管理费\n和利润"]
["C10-4-23","洗涤盆安装 单嘴","10组",null,352.16,267.59,null,168.05]
["人工单价",null,"小计"]
[null,null,"未计价材料费"]
["清单项目综合单价"]
["材\n料\n费\n明\n细","主要材料名称、规格、型号",{"$nulls":4},"单位","数量",null,"单价（元）",null,"合价（元）","暂估单价\n（元）","暂估合价\n（元）"]
[null,"螺纹管件 DN15",{"$nulls":4},"个"]
[null,"洗涤盆 ",{"$nulls":4},"套"]
[null,"洗涤盆排水附件 ",{"$nulls":4},"套"]
[null,"洗脸盆托架 ",{"$nulls":4},"副"]
[null,"水龙头 DN15",{"$nulls":4},"个"]
[null,"其他材料费",{"$nulls":7},"-",null,null,"-"]
[null,"材料费小计",{"$nulls":7},"-",null,null,"-"]
[]
[]
[]
["注：1.如不使用省级或行业建设主管部门发布的计价依据，可不填定额编码、名称等；\n    2.招标文件提供了暂估单价的材料，按暂估的单价填入表内“暂估单价”栏及“暂估合价”栏。"]
[{"$nulls":10},"表-09"]
["综合单价分析表"]
["工程名称：给排水",{"$nulls":7},"标段：",null,"第 3 页  共 31 页"]
["项目编码",null,"031004004001",null,"项目名称","洗涤盆",{"$nulls":3},"计量单位",null,"组","工程量",2]
["清单综合单价组成明细"]
["定额编号","定额项目名称","定额\n单位","数量","单价",{"$nulls":4},"合价"]
[{"$nulls":4},"人工费","材料费","机具费","管理费\n和利润",null,"人工费",null,"材料费","机具费","管理费\n和利润"]
["C10-4-24","洗涤盆安装 双嘴","10组",0.1,401.59,278.41,null,191.64,null,40.16,null,27.84,null,19.16]
["人工单价",null,"小计",{"$nulls":6},40.16,null,27.84,null,19.16]
[null,null,"未计价材料费"]
["清单项目综合单价",{"$nulls":8},87.16]
["材\n料\n费\n明\n细","主要材料名称、规格、型号",{"$nulls":4},"单位","数量",null,"单价（元）",null,"合价（元）","暂估单价\n（元）","暂估合价\n（元）"]
[null,"螺纹管件 DN15",{"$nulls":4},"个",2.02]
[null,"洗涤盆 ",{"$nulls":4},"套",1.01]
[null,"洗涤盆排水附件 ",{"$nulls":4},"套",1.01]
[null,"洗脸盆托架 ",{"$nulls":4},"副",1.01]
[null,"水龙头 DN15",{"$nulls":4},"个",2.02]
[null,"其他材料费",{"$nulls":7},"-",null,27.84,"-"]
[null,"材料费小计",{"$nulls":7},"-",null,27.84,"-"]
[]
[]
[]
["注：1.如不使用省级或行业建设主管部门发布的计价依据，可不填定额编码、名称等；\n    2.招标文件提供了暂估单价的材料，按暂估的单价填入表内“暂估单价”栏及“暂估合价”栏。"]
[{"$nulls":10},"表-09"]
["综合单价分析表"]
["工程名称：给排水",{"$nulls":7},"标段：",null,"第 4 页  共 31 页"]
["项目编码",null,"031004001001",null,"项目名称","浴缸",{"$nulls":3},"计量单位",null,"组","工程量",4]
["清单综合单价组成明细"]
["定额编号","定额项目名称","定额\n单位","数量","单价",{"$nulls":4},"合价"]
[{"$nulls":4},"人工费","材料费","机具费","管理费\n和利润",null,"人工费",null,"材料费","机具费","管理费\n和利润"]
["C10-4-3","搪瓷浴盆安装 冷热水带喷头","10组",0.1,1072.45,271.11,null,511.77,null,107.25,null,27.11,null,51.18]
["人工单价",null,"小计",{"$nulls":6},107.25,null,27.11,null,51.18]
[null,null,"未计价材料费"]
["清单项目综合单价",{"$nulls":8},185.53]
["材\n料\n费\n明\n细","主要材料名称、规格、型号",{"$nulls":4},"单位","数量",null,"单价（元）",null,"合价（元）","暂估单价\n（元）","暂估合价\n（元）"]
[null,"螺纹管件 DN15",{"$nulls":4},"个",2.02]
[null,"搪瓷浴缸 ",{"$nulls":4},"个",1.01]
[null,"浴缸排水配件 ",{"$nulls":4},"套",1.01]
[null,"浴盆混合水龙头带喷头 ",{"$nulls":4},"套",1.01]
[null,"其他材料费",{"$nulls":7},"-",null,27.11,"-"]
[null,"材料费小计",{"$nulls":7},"-",null,27.11,"-"]
[]
[]
[]
[]
["注：1.如不使用省级或行业建设主管部门发布的计价依据，可不填定额编码、名称等；\n    2.招标文件提供了暂估单价的材料，按暂估的单价填入表内“暂估单价”栏及“暂估合价”栏。"]
[{"$nulls":10},"表-09"]
["综合单价分析表"]
["工程名称：给排水",{"$nulls":7},"标段：",null,"第 5 页  共 31 页"]
["项目编码",null,"031004006001",null,"项目名称","大便器",{"$nulls":3},"计量单位",null,"组","工程量",12]
["清单综合单价组成明细"]
["定额编号","定额项目名称","定额\n单位","数量","单价",{"$nulls":4},"合价"]
[{"$nulls":4},"人工费","材料费","机具费","管理费\n和利润",null,"人工费",null,"材料费","机具费","管理费\n和利润"]
["C10-4-40","坐式大便器安装 连体水箱","10套",null,646.84,252.93,null,308.67]
["人工单价",null,"小计"]
[null,null,"未计价材料费"]
["清单项目综合单价"]
["材\n料\n费\n明\n细","主要材料名称、规格、型号",{"$nulls":4},"单位","数量",null,"单价（元）",null,"合价（元）","暂估单价\n（元）","暂估合价\n（元）"]
[null,"角型阀(带铜活) DN15",{"$nulls":4},"个"]
[null,"螺纹管件 DN15",{"$nulls":4},"个"]
[null,"金属软管 DN15",{"$nulls":4},"条"]
[null,"连体坐便器 ",{"$nulls":4},"个"]
[null,"连体坐便器进水阀配件 ",{"$nulls":4},"套"]
[null,"坐便器盖板 ",{"$nulls":4},"套"]
[null,"其他材料费",{"$nulls":7},"-",null,null,"-"]
[null,"材料费小计",{"$nulls":7},"-",null,null,"-"]
[]
[]
["注：1.如不使用省级或行业建设主管部门发布的计价依据，可不填定额编码、名称等；\n    2.招标文件提供了暂估单价的材料，按暂估的单价填入表内“暂估单价”栏及“暂估合价”栏。"]
[{"$nulls":10},"表-09"]
["综合单价分析表"]
["工程名称：给排水",{"$nulls":7},"标段：",null,"第 6 页  共 31 页"]
["项目编码",null,"031003001001",null,"项目名称","阀门",{"$nulls":3},"计量单位",null,"个","工程量",10]
["清单综合单价组成明细"]
["定额编号","定额项目名称","定额\n单位","数量","单价",{"$nulls":4},"合价"]
[{"$nulls":4},"人工费","材料费","机具费","管理费\n和利润",null,"人工费",null,"材料费","机具费","管理费\n和利润"]
["C6-9-51","仪表阀门","个",1,39.05,6.47,null,19.3,null,39.05,null,6.47,null,19.3]
["人工单价",null,"小计",{"$nulls":6},39.05,null,6.47,null,19.3]
[null,null,"未计价材料费"]
["清单项目综合单价",{"$nulls":8},64.82]
["材\n料\n费\n明\n细","主要材料名称、规格、型号",{"$nulls":4},"单位","数量",null,"单价（元）",null,"合价（元）","暂估单价\n（元）","暂估合价\n（元）"]
[null,"其他材料费",{"$nulls":7},"-",null,6.47,"-"]
[null,"材料费小计",{"$nulls":7},"-",null,6.47,"-"]
{"$rows_empty":8}
["注：1.如不使用省级或行业建设主管部门发布的计价依据，可不填定额编码、名称等；\n    2.招标文件提供了暂估单价的材料，按暂估的单价填入表内“暂估单价”栏及“暂估合价”栏。"]
[{"$nulls":10},"表-09"]
["综合单价分析表"]
["工程名称：给排水",{"$nulls":7},"标段：",null,"第 7 页  共 31 页"]
["项目编码",null,"031003011001",null,"项目名称","水表",{"$nulls":3},"计量单位",null,"组/个","工程量",1]
["清单综合单价组成明细"]
["定额编号","定额项目名称","定额\n单位","数量","单价",{"$nulls":4},"合价"]
[{"$nulls":4},"人工费","材料费","机具费","管理费\n和利润",null,"人工费",null,"材料费","机具费","管理费\n和利润"]
["C5-3-129","远传基表安装 远传冷、热水表","个",null,60.52,2.51,0.26,30.8]
["人工单价",null,"小计"]
[null,null,"未计价材料费"]
["清单项目综合单价"]
["材\n料\n费\n明\n细","主要材料名称、规格、型号",{"$nulls":4},"单位","数量",null,"单价（元）",null,"合价（元）","暂估单价\n（元）","暂估合价\n（元）"]
[null,"各类远传基表 ",{"$nulls":4},"个"]
[null,"其他材料费",{"$nulls":7},"-",null,null,"-"]
[null,"材料费小计",{"$nulls":7},"-",null,null,"-"]
{"$rows_empty":7}
["注：1.如不使用省级或行业建设主管部门发布的计价依据，可不填定额编码、名称等；\n    2.招标文件提供了暂估单价的材料，按暂估的单价填入表内“暂估单价”栏及“暂估合价”栏。"]
[{"$nulls":10},"表-09"]
["综合单价分析表"]
["工程名称：给排水",{"$nulls":7},"标段：",null,"第 8 页  共 31 页"]
["项目编码",null,"031004014001",null,"项目名称","给、排水附件",{"$nulls":3},"计量单位",null,"个/组","工程量",2]
["清单综合单价组成明细"]
["定额编号","定额项目名称","定额\n单位","数量","单价",{"$nulls":4},"合价"]
[{"$nulls":4},"人工费","材料费","机具费","管理费\n和利润",null,"人工费",null,"材料费","机具费","管理费\n和利润"]
["C10-4-92","地漏安装 公称直径(mm以内) 50","10个",null,165.99,0.71,null,79.21]
["人工单价",null,"小计"]
[null,null,"未计价材料费"]
["清单项目综合单价"]
["材\n料\n费\n明\n细","主要材料名称、规格、型号",{"$nulls":4},"单位","数量",null,"单价（元）",null,"合价（元）","暂估单价\n（元）","暂估合价\n（元）"]
[null,"地漏 ",{"$nulls":4},"个"]
[null,"其他材料费",{"$nulls":7},"-",null,null,"-"]
[null,"材料费小计",{"$nulls":7},"-",null,null,"-"]
{"$rows_empty":7}
["注：1.如不使用省级或行业建设主管部门发布的计价依据，可不填定额编码、名称等；\n    2.招标文件提供了暂估单价的材料，按暂估的单价填入表内“暂估单价”栏及“暂估合价”栏。"]
[{"$nulls":10},"表-09"]
["综合单价分析表"]
["工程名称：给排水",{"$nulls":7},"标段：",null,"第 9 页  共 31 页"]
["项目编码",null,"031001007001",null,"项目名称","复合管",{"$nulls":3},"计量单位",null,"m","工程量",9.083]
["清单综合单价组成明细"]
["定额编号","定额项目名称","定额\n单位","数量","单价",{"$nulls":4},"合价"]
[{"$nulls":4},"人工费","材料费","机具费","管理费\n和利润",null,"人工费",null,"材料费","机具费","管理费\n和利润"]
["C10-1-393","给排水管道 室内钢塑复合管(螺纹连接) 公称直径(mm以内) 32","10m",0.1,254.25,136.9,12.64,127.36,null,25.43,null,13.69,1.26,12.74]
["人工单价",null,"小计",{"$nulls":6},25.43,null,13.69,1.26,12.74]
[null,null,"未计价材料费",{"$nulls":6},9.84]
["清单项目综合单价",{"$nulls":8},53.12]
["材\n料\n费\n明\n细","主要材料名称、规格、型号",{"$nulls":4},"单位","数量",null,"单价（元）",null,"合价（元）","暂估单价\n（元）","暂估合价\n（元）"]
[null,"钢塑复合管 ",{"$nulls":4},"m",0.991,null,9.93,null,9.84]
[null,"室内钢塑给水管接头零件 ",{"$nulls":4},"个",0.983]
[null,"其他材料费",{"$nulls":7},"-",null,3.83,"-"]
[null,"材料费小计",{"$nulls":7},"-",null,13.67,"-"]
[]
[]
[]
[]
[]
["注：1.如不使用省级或行业建设主管部门发布的计价依据，可不填定额编码、名称等；\n    2.招标文件提供了暂估单价的材料，按暂估的单价填入表内“暂估单价”栏及“暂估合价”栏。"]
[{"$nulls":10},"表-09"]
["综合单价分析表"]
["工程名称：给排水",{"$nulls":7},"标段：",null,"第 10 页  共 31 页"]
["项目编码",null,"031001007002",null,"项目名称","复合管",{"$nulls":3},"计量单位",null,"m","工程量",4.65]
["清单综合单价组成明细"]
["定额编号","定额项目名称","定额\n单位","数量","单价",{"$nulls":4},"合价"]
[{"$nulls":4},"人工费","材料费","机具费","管理费\n和利润",null,"人工费",null,"材料费","机具费","管理费\n和利润"]
["C10-1-394","给排水管道 室内钢塑复合管(螺纹连接) 公称直径(mm以内) 40","10m",0.1,257.15,138.51,14.04,129.41,null,25.72,null,13.85,1.4,12.94]
["人工单价",null,"小计",{"$nulls":6},25.72,null,13.85,1.4,12.94]
[null,null,"未计价材料费",{"$nulls":6},9.95]
["清单项目综合单价",{"$nulls":8},53.91]
["材\n料\n费\n明\n细","主要材料名称、规格、型号",{"$nulls":4},"单位","数量",null,"单价（元）",null,"合价（元）","暂估单价\n（元）","暂估合价\n（元）"]
[null,"钢塑复合管 ",{"$nulls":4},"m",1.002,null,9.93,null,9.95]
[null,"室内钢塑给水管接头零件 ",{"$nulls":4},"个",0.786]
[null,"其他材料费",{"$nulls":7},"-",null,3.89,"-"]
[null,"材料费小计",{"$nulls":7},"-",null,13.84,"-"]
[]
[]
[]
[]
[]
["注：1.如不使用省级或行业建设主管部门发布的计价依据，可不填定额编码、名称等；\n    2.招标文件提供了暂估单价的材料，按暂估的单价填入表内“暂估单价”栏及“暂估合价”栏。"]
[{"$nulls":10},"表-09"]
["综合单价分析表"]
["工程名称：给排水",{"$nulls":7},"标段：",null,"第 11 页  共 31 页"]
["项目编码",null,"031001006001",null,"项目名称","塑料管",{"$nulls":3},"计量单位",null,"m","工程量",1.687]
["清单综合单价组成明细"]
["定额编号","定额项目名称","定额\n单位","数量","单价",{"$nulls":4},"合价"]
[{"$nulls":4},"人工费","材料费","机具费","管理费\n和利润",null,"人工费",null,"材料费","机具费","管理费\n和利润"]
["C8-2-273","低压 塑料管(热风焊) 公称直径(mm以内) 20","10m",0.1,43.69,0.87,1.85,22.48,null,4.37,null,0.09,0.19,2.25]
["人工单价",null,"小计",{"$nulls":6},4.37,null,0.09,0.19,2.25]
[null,null,"未计价材料费"]
["清单项目综合单价",{"$nulls":8},6.89]
["材\n料\n费\n明\n细","主要材料名称、规格、型号",{"$nulls":4},"单位","数量",null,"单价（元）",null,"合价（元）","暂估单价\n（元）","暂估合价\n（元）"]
[null,"塑料管 ",{"$nulls":4},"m",1]
[null,"其他材料费",{"$nulls":7},"-",null,0.08,"-"]
[null,"材料费小计",{"$nulls":7},"-",null,0.08,"-"]
{"$rows_empty":7}
["注：1.如不使用省级或行业建设主管部门发布的计价依据，可不填定额编码、名称等；\n    2.招标文件提供了暂估单价的材料，按暂估的单价填入表内“暂估单价”栏及“暂估合价”栏。"]
[{"$nulls":10},"表-09"]
["综合单价分析表"]
["工程名称：给排水",{"$nulls":7},"标段：",null,"第 12 页  共 31 页"]
["项目编码",null,"031001006002",null,"项目名称","塑料管",{"$nulls":3},"计量单位",null,"m","工程量",10.951]
["清单综合单价组成明细"]
["定额编号","定额项目名称","定额\n单位","数量","单价",{"$nulls":4},"合价"]
[{"$nulls":4},"人工费","材料费","机具费","管理费\n和利润",null,"人工费",null,"材料费","机具费","管理费\n和利润"]
["C8-2-273","低压 塑料管(热风焊) 公称直径(mm以内) 20","10m",0.1,43.69,0.87,1.85,22.48,null,4.37,null,0.09,0.19,2.25]
["人工单价",null,"小计",{"$nulls":6},4.37,null,0.09,0.19,2.25]
[null,null,"未计价材料费"]
["清单项目综合单价",{"$nulls":8},6.89]
["材\n料\n费\n明\n细","主要材料名称、规格、型号",{"$nulls":4},"单位","数量",null,"单价（元）",null,"合价（元）","暂估单价\n（元）","暂估合价\n（元）"]
[null,"塑料管 ",{"$nulls":4},"m",1]
[null,"其他材料费",{"$nulls":7},"-",null,0.08,"-"]
[null,"材料费小计",{"$nulls":7},"-",null,0.08,"-"]
{"$rows_empty":7}
["注：1.如不使用省级或行业建设主管部门发布的计价依据，可不填定额编码、名称等；\n    2.招标文件提供了暂估单价的材料，按暂估的单价填入表内“暂估单价”栏及“暂估合价”栏。"]
[{"$nulls":10},"表-09"]
["综合单价分析表"]
["工程名称：给排水",{"$nulls":7},"标段：",null,"第 13 页  共 31 页"]
["项目编码",null,"031001006003",null,"项目名称","塑料管",{"$nulls":3},"计量单位",null,"m","工程量",4.325]
["清单综合单价组成明细"]
["定额编号","定额项目名称","定额\n单位","数量","单价",{"$nulls":4},"合价"]
[{"$nulls":4},"人工费","材料费","机具费","管理费\n和利润",null,"人工费",null,"材料费","机具费","管理费\n和利润"]
["C8-2-273","低压 塑料管(热风焊) 公称直径(mm以内) 20","10m",0.1,43.69,0.87,1.85,22.48,null,4.37,null,0.09,0.19,2.25]
["人工单价",null,"小计",{"$nulls":6},4.37,null,0.09,0.19,2.25]
[null,null,"未计价材料费"]
["清单项目综合单价",{"$nulls":8},6.89]
["材\n料\n费\n明\n细","主要材料名称、规格、型号",{"$nulls":4},"单位","数量",null,"单价（元）",null,"合价（元）","暂估单价\n（元）","暂估合价\n（元）"]
[null,"塑料管 ",{"$nulls":4},"m",1]
[null,"其他材料费",{"$nulls":7},"-",null,0.08,"-"]
[null,"材料费小计",{"$nulls":7},"-",null,0.08,"-"]
{"$rows_empty":7}
["注：1.如不使用省级或行业建设主管部门发布的计价依据，可不填定额编码、名称等；\n    2.招标文件提供了暂估单价的材料，按暂估的单价填入表内“暂估单价”栏及“暂估合价”栏。"]
[{"$nulls":10},"表-09"]
["综合单价分析表"]
["工程名称：给排水",{"$nulls":7},"标段：",null,"第 14 页  共 31 页"]
["项目编码",null,"031001006004",null,"项目名称","塑料管",{"$nulls":3},"计量单位",null,"m","工程量",19.701]
["清单综合单价组成明细"]
["定额编号","定额项目名称","定额\n单位","数量","单价",{"$nulls":4},"合价"]
[{"$nulls":4},"人工费","材料费","机具费","管理费\n和利润",null,"人工费",null,"材料费","机具费","管理费\n和利润"]
["C8-2-274","低压 塑料管(热风焊) 公称直径(mm以内) 25","10m",0.1,46.74,0.93,2.26,24.18,null,4.67,null,0.09,0.23,2.42]
["人工单价",null,"小计",{"$nulls":6},4.67,null,0.09,0.23,2.42]
[null,null,"未计价材料费"]
["清单项目综合单价",{"$nulls":8},7.41]
["材\n料\n费\n明\n细","主要材料名称、规格、型号",{"$nulls":4},"单位","数量",null,"单价（元）",null,"合价（元）","暂估单价\n（元）","暂估合价\n（元）"]
[null,"塑料管 ",{"$nulls":4},"m",1]
[null,"其他材料费",{"$nulls":7},"-",null,0.09,"-"]
[null,"材料费小计",{"$nulls":7},"-",null,0.09,"-"]
{"$rows_empty":7}
["注：1.如不使用省级或行业建设主管部门发布的计价依据，可不填定额编码、名称等；\n    2.招标文件提供了暂估单价的材料，按暂估的单价填入表内“暂估单价”栏及“暂估合价”栏。"]
[{"$nulls":10},"表-09"]
["综合单价分析表"]
["工程名称：给排水",{"$nulls":7},"标段：",null,"第 15 页  共 31 页"]
["项目编码",null,"031001006005",null,"项目名称","塑料管",{"$nulls":3},"计量单位",null,"m","工程量",0.897]
["清单综合单价组成明细"]
["定额编号","定额项目名称","定额\n单位","数量","单价",{"$nulls":4},"合价"]
[{"$nulls":4},"人工费","材料费","机具费","管理费\n和利润",null,"人工费",null,"材料费","机具费","管理费\n和利润"]
["C8-2-274","低压 塑料管(热风焊) 公称直径(mm以内) 25","10m",0.1,46.74,0.93,2.26,24.18,null,4.67,null,0.09,0.23,2.42]
["人工单价",null,"小计",{"$nulls":6},4.67,null,0.09,0.23,2.42]
[null,null,"未计价材料费"]
["清单项目综合单价",{"$nulls":8},7.41]
["材\n料\n费\n明\n细","主要材料名称、规格、型号",{"$nulls":4},"单位","数量",null,"单价（元）",null,"合价（元）","暂估单价\n（元）","暂估合价\n（元）"]
[null,"塑料管 ",{"$nulls":4},"m",1]
[null,"其他材料费",{"$nulls":7},"-",null,0.09,"-"]
[null,"材料费小计",{"$nulls":7},"-",null,0.09,"-"]
{"$rows_empty":7}
["注：1.如不使用省级或行业建设主管部门发布的计价依据，可不填定额编码、名称等；\n    2.招标文件提供了暂估单价的材料，按暂估的单价填入表内“暂估单价”栏及“暂估合价”栏。"]
[{"$nulls":10},"表-09"]
["综合单价分析表"]
["工程名称：给排水",{"$nulls":7},"标段：",null,"第 16 页  共 31 页"]
["项目编码",null,"031001006006",null,"项目名称","塑料管",{"$nulls":3},"计量单位",null,"m","工程量",84.267]
["清单综合单价组成明细"]
["定额编号","定额项目名称","定额\n单位","数量","单价",{"$nulls":4},"合价"]
[{"$nulls":4},"人工费","材料费","机具费","管理费\n和利润",null,"人工费",null,"材料费","机具费","管理费\n和利润"]
["C8-2-274","低压 塑料管(热风焊) 公称直径(mm以内) 25","10m",0.1,46.74,0.93,2.26,24.18,null,4.67,null,0.09,0.23,2.42]
["人工单价",null,"小计",{"$nulls":6},4.67,null,0.09,0.23,2.42]
[null,null,"未计价材料费"]
["清单项目综合单价",{"$nulls":8},7.41]
["材\n料\n费\n明\n细","主要材料名称、规格、型号",{"$nulls":4},"单位","数量",null,"单价（元）",null,"合价（元）","暂估单价\n（元）","暂估合价\n（元）"]
[null,"塑料管 ",{"$nulls":4},"m",1]
[null,"其他材料费",{"$nulls":7},"-",null,0.09,"-"]
[null,"材料费小计",{"$nulls":7},"-",null,0.09,"-"]
{"$rows_empty":7}
["注：1.如不使用省级或行业建设主管部门发布的计价依据，可不填定额编码、名称等；\n    2.招标文件提供了暂估单价的材料，按暂估的单价填入表内“暂估单价”栏及“暂估合价”栏。"]
[{"$nulls":10},"表-09"]
["综合单价分析表"]
["工程名称：给排水",{"$nulls":7},"标段：",null,"第 17 页  共 31 页"]
["项目编码",null,"031001006007",null,"项目名称","塑料管",{"$nulls":3},"计量单位",null,"m","工程量",229.923]
["清单综合单价组成明细"]
["定额编号","定额项目名称","定额\n单位","数量","单价",{"$nulls":4},"合价"]
[{"$nulls":4},"人工费","材料费","机具费","管理费\n和利润",null,"人工费",null,"材料费","机具费","管理费\n和利润"]
["C8-2-293","低压 塑料管(承插粘接) 公称直径(mm以内) 100","10m",0.1,95.01,1.76,0.03,46.9,null,9.5,null,0.18,null,4.69]
["人工单价",null,"小计",{"$nulls":6},9.5,null,0.18,null,4.69]
[null,null,"未计价材料费"]
["清单项目综合单价",{"$nulls":8},14.37]
["材\n料\n费\n明\n细","主要材料名称、规格、型号",{"$nulls":4},"单位","数量",null,"单价（元）",null,"合价（元）","暂估单价\n（元）","暂估合价\n（元）"]
[null,"承插塑料管 ",{"$nulls":4},"m",1]
[null,"其他材料费",{"$nulls":7},"-",null,0.18,"-"]
[null,"材料费小计",{"$nulls":7},"-",null,0.18,"-"]
{"$rows_empty":7}
["注：1.如不使用省级或行业建设主管部门发布的计价依据，可不填定额编码、名称等；\n    2.招标文件提供了暂估单价的材料，按暂估的单价填入表内“暂估单价”栏及“暂估合价”栏。"]
[{"$nulls":10},"表-09"]
["综合单价分析表"]
["工程名称：给排水",{"$nulls":7},"标段：",null,"第 18 页  共 31 页"]
["项目编码",null,"031001006008",null,"项目名称","塑料管",{"$nulls":3},"计量单位",null,"m","工程量",6.6]
["清单综合单价组成明细"]
["定额编号","定额项目名称","定额\n单位","数量","单价",{"$nulls":4},"合价"]
[{"$nulls":4},"人工费","材料费","机具费","管理费\n和利润",null,"人工费",null,"材料费","机具费","管理费\n和利润"]
["C8-2-288","低压 塑料管(承插粘接) 公称直径(mm以内) 32","10m",0.1,39.26,0.56,null,19.37,null,3.93,null,0.06,null,1.94]
["人工单价",null,"小计",{"$nulls":6},3.93,null,0.06,null,1.94]
[null,null,"未计价材料费"]
["清单项目综合单价",{"$nulls":8},5.92]
["材\n料\n费\n明\n细","主要材料名称、规格、型号",{"$nulls":4},"单位","数量",null,"单价（元）",null,"合价（元）","暂估单价\n（元）","暂估合价\n（元）"]
[null,"承插塑料管 ",{"$nulls":4},"m",1]
[null,"其他材料费",{"$nulls":7},"-",null,0.05,"-"]
[null,"材料费小计",{"$nulls":7},"-",null,0.05,"-"]
{"$rows_empty":7}
["注：1.如不使用省级或行业建设主管部门发布的计价依据，可不填定额编码、名称等；\n    2.招标文件提供了暂估单价的材料，按暂估的单价填入表内“暂估单价”栏及“暂估合价”栏。"]
[{"$nulls":10},"表-09"]
["综合单价分析表"]
["工程名称：给排水",{"$nulls":7},"标段：",null,"第 19 页  共 31 页"]
["项目编码",null,"031001006009",null,"项目名称","塑料管",{"$nulls":3},"计量单位",null,"m","工程量",25.06]
["清单综合单价组成明细"]
["定额编号","定额项目名称","定额\n单位","数量","单价",{"$nulls":4},"合价"]
[{"$nulls":4},"人工费","材料费","机具费","管理费\n和利润",null,"人工费",null,"材料费","机具费","管理费\n和利润"]
["C8-2-290","低压 塑料管(承插粘接) 公称直径(mm以内) 50","10m",0.1,54.07,0.74,null,26.68,null,5.41,null,0.07,null,2.67]
["人工单价",null,"小计",{"$nulls":6},5.41,null,0.07,null,2.67]
[null,null,"未计价材料费"]
["清单项目综合单价",{"$nulls":8},8.15]
["材\n料\n费\n明\n细","主要材料名称、规格、型号",{"$nulls":4},"单位","数量",null,"单价（元）",null,"合价（元）","暂估单价\n（元）","暂估合价\n（元）"]
[null,"承插塑料管 ",{"$nulls":4},"m",1]
[null,"其他材料费",{"$nulls":7},"-",null,0.07,"-"]
[null,"材料费小计",{"$nulls":7},"-",null,0.07,"-"]
{"$rows_empty":7}
["注：1.如不使用省级或行业建设主管部门发布的计价依据，可不填定额编码、名称等；\n    2.招标文件提供了暂估单价的材料，按暂估的单价填入表内“暂估单价”栏及“暂估合价”栏。"]
[{"$nulls":10},"表-09"]
["综合单价分析表"]
["工程名称：给排水",{"$nulls":7},"标段：",null,"第 20 页  共 31 页"]
["项目编码",null,"031001006010",null,"项目名称","塑料管",{"$nulls":3},"计量单位",null,"m","工程量",10.763]
["清单综合单价组成明细"]
["定额编号","定额项目名称","定额\n单位","数量","单价",{"$nulls":4},"合价"]
[{"$nulls":4},"人工费","材料费","机具费","管理费\n和利润",null,"人工费",null,"材料费","机具费","管理费\n和利润"]
["C8-2-292","低压 塑料管(承插粘接) 公称直径(mm以内) 80","10m",0.1,76.94,1.33,0.03,37.98,null,7.69,null,0.13,null,3.8]
["人工单价",null,"小计",{"$nulls":6},7.69,null,0.13,null,3.8]
[null,null,"未计价材料费"]
["清单项目综合单价",{"$nulls":8},11.63]
["材\n料\n费\n明\n细","主要材料名称、规格、型号",{"$nulls":4},"单位","数量",null,"单价（元）",null,"合价（元）","暂估单价\n（元）","暂估合价\n（元）"]
[null,"承插塑料管 ",{"$nulls":4},"m",1]
[null,"其他材料费",{"$nulls":7},"-",null,0.13,"-"]
[null,"材料费小计",{"$nulls":7},"-",null,0.13,"-"]
{"$rows_empty":7}
["注：1.如不使用省级或行业建设主管部门发布的计价依据，可不填定额编码、名称等；\n    2.招标文件提供了暂估单价的材料，按暂估的单价填入表内“暂估单价”栏及“暂估合价”栏。"]
[{"$nulls":10},"表-09"]
["综合单价分析表"]
["工程名称：给排水",{"$nulls":7},"标段：",null,"第 21 页  共 31 页"]
["项目编码",null,"031003008001",null,"项目名称","软接头(软管)",{"$nulls":3},"计量单位",null,"个/根","工程量",8]
["清单综合单价组成明细"]
["定额编号","定额项目名称","定额\n单位","数量","单价",{"$nulls":4},"合价"]
[{"$nulls":4},"人工费","材料费","机具费","管理费\n和利润",null,"人工费",null,"材料费","机具费","管理费\n和利润"]
["C10-3-177","螺纹式软接头安装 公称直径(mm以内) 32","个",null,20.9,3.66,1,10.45]
["人工单价",null,"小计"]
[null,null,"未计价材料费"]
["清单项目综合单价"]
["材\n料\n费\n明\n细","主要材料名称、规格、型号",{"$nulls":4},"单位","数量",null,"单价（元）",null,"合价（元）","暂估单价\n（元）","暂估合价\n（元）"]
[null,"螺纹式软接头 ",{"$nulls":4},"个"]
[null,"其他材料费",{"$nulls":7},"-",null,null,"-"]
[null,"材料费小计",{"$nulls":7},"-",null,null,"-"]
{"$rows_empty":7}
["注：1.如不使用省级或行业建设主管部门发布的计价依据，可不填定额编码、名称等；\n    2.招标文件提供了暂估单价的材料，按暂估的单价填入表内“暂估单价”栏及“暂估合价”栏。"]
[{"$nulls":10},"表-09"]
["综合单价分析表"]
["工程名称：给排水",{"$nulls":7},"标段：",null,"第 22 页  共 31 页"]
["项目编码",null,"031003008002",null,"项目名称","软接头(软管)",{"$nulls":3},"计量单位",null,"个/根","工程量",2]
["清单综合单价组成明细"]
["定额编号","定额项目名称","定额\n单位","数量","单价",{"$nulls":4},"合价"]
[{"$nulls":4},"人工费","材料费","机具费","管理费\n和利润",null,"人工费",null,"材料费","机具费","管理费\n和利润"]
["C10-3-176","螺纹式软接头安装 公称直径(mm以内) 25","个",null,18.7,2.96,0.77,9.29]
["人工单价",null,"小计"]
[null,null,"未计价材料费"]
["清单项目综合单价"]
["材\n料\n费\n明\n细","主要材料名称、规格、型号",{"$nulls":4},"单位","数量",null,"单价（元）",null,"合价（元）","暂估单价\n（元）","暂估合价\n（元）"]
[null,"螺纹式软接头 ",{"$nulls":4},"个"]
[null,"其他材料费",{"$nulls":7},"-",null,null,"-"]
[null,"材料费小计",{"$nulls":7},"-",null,null,"-"]
{"$rows_empty":7}
["注：1.如不使用省级或行业建设主管部门发布的计价依据，可不填定额编码、名称等；\n    2.招标文件提供了暂估单价的材料，按暂估的单价填入表内“暂估单价”栏及“暂估合价”栏。"]
[{"$nulls":10},"表-09"]
["综合单价分析表"]
["工程名称：给排水",{"$nulls":7},"标段：",null,"第 23 页  共 31 页"]
["项目编码",null,"031003001002",null,"项目名称","阀门",{"$nulls":3},"计量单位",null,"个","工程量",2]
["清单综合单价组成明细"]
["定额编号","定额项目名称","定额\n单位","数量","单价",{"$nulls":4},"合价"]
[{"$nulls":4},"人工费","材料费","机具费","管理费\n和利润",null,"人工费",null,"材料费","机具费","管理费\n和利润"]
["C6-9-51","仪表阀门","个",1,39.05,6.47,null,19.3,null,39.05,null,6.47,null,19.3]
["人工单价",null,"小计",{"$nulls":6},39.05,null,6.47,null,19.3]
[null,null,"未计价材料费"]
["清单项目综合单价",{"$nulls":8},64.82]
["材\n料\n费\n明\n细","主要材料名称、规格、型号",{"$nulls":4},"单位","数量",null,"单价（元）",null,"合价（元）","暂估单价\n（元）","暂估合价\n（元）"]
[null,"其他材料费",{"$nulls":7},"-",null,6.47,"-"]
[null,"材料费小计",{"$nulls":7},"-",null,6.47,"-"]
{"$rows_empty":8}
["注：1.如不使用省级或行业建设主管部门发布的计价依据，可不填定额编码、名称等；\n    2.招标文件提供了暂估单价的材料，按暂估的单价填入表内“暂估单价”栏及“暂估合价”栏。"]
[{"$nulls":10},"表-09"]
["综合单价分析表"]
["工程名称：给排水",{"$nulls":7},"标段：",null,"第 24 页  共 31 页"]
["项目编码",null,"031003001003",null,"项目名称","阀门",{"$nulls":3},"计量单位",null,"个","工程量",2]
["清单综合单价组成明细"]
["定额编号","定额项目名称","定额\n单位","数量","单价",{"$nulls":4},"合价"]
[{"$nulls":4},"人工费","材料费","机具费","管理费\n和利润",null,"人工费",null,"材料费","机具费","管理费\n和利润"]
["C6-9-51","仪表阀门","个",1,39.05,6.47,null,19.3,null,39.05,null,6.47,null,19.3]
["人工单价",null,"小计",{"$nulls":6},39.05,null,6.47,null,19.3]
[null,null,"未计价材料费"]
["清单项目综合单价",{"$nulls":8},64.82]
["材\n料\n费\n明\n细","主要材料名称、规格、型号",{"$nulls":4},"单位","数量",null,"单价（元）",null,"合价（元）","暂估单价\n（元）","暂估合价\n（元）"]
[null,"其他材料费",{"$nulls":7},"-",null,6.47,"-"]
[null,"材料费小计",{"$nulls":7},"-",null,6.47,"-"]
{"$rows_empty":8}
["注：1.如不使用省级或行业建设主管部门发布的计价依据，可不填定额编码、名称等；\n    2.招标文件提供了暂估单价的材料，按暂估的单价填入表内“暂估单价”栏及“暂估合价”栏。"]
[{"$nulls":10},"表-09"]
["综合单价分析表"]
["工程名称：给排水",{"$nulls":7},"标段：",null,"第 25 页  共 31 页"]
["项目编码",null,"031003001004",null,"项目名称","阀门",{"$nulls":3},"计量单位",null,"个","工程量",3]
["清单综合单价组成明细"]
["定额编号","定额项目名称","定额\n单位","数量","单价",{"$nulls":4},"合价"]
[{"$nulls":4},"人工费","材料费","机具费","管理费\n和利润",null,"人工费",null,"材料费","机具费","管理费\n和利润"]
["C6-9-51","仪表阀门","个",1,39.05,6.47,null,19.3,null,39.05,null,6.47,null,19.3]
["人工单价",null,"小计",{"$nulls":6},39.05,null,6.47,null,19.3]
[null,null,"未计价材料费"]
["清单项目综合单价",{"$nulls":8},64.82]
["材\n料\n费\n明\n细","主要材料名称、规格、型号",{"$nulls":4},"单位","数量",null,"单价（元）",null,"合价（元）","暂估单价\n（元）","暂估合价\n（元）"]
[null,"其他材料费",{"$nulls":7},"-",null,6.47,"-"]
[null,"材料费小计",{"$nulls":7},"-",null,6.47,"-"]
{"$rows_empty":8}
["注：1.如不使用省级或行业建设主管部门发布的计价依据，可不填定额编码、名称等；\n    2.招标文件提供了暂估单价的材料，按暂估的单价填入表内“暂估单价”栏及“暂估合价”栏。"]
[{"$nulls":10},"表-09"]
["综合单价分析表"]
["工程名称：给排水",{"$nulls":7},"标段：",null,"第 26 页  共 31 页"]
["项目编码",null,"031003001005",null,"项目名称","阀门",{"$nulls":3},"计量单位",null,"个","工程量",4]
["清单综合单价组成明细"]
["定额编号","定额项目名称","定额\n单位","数量","单价",{"$nulls":4},"合价"]
[{"$nulls":4},"人工费","材料费","机具费","管理费\n和利润",null,"人工费",null,"材料费","机具费","管理费\n和利润"]
["C6-9-51","仪表阀门","个",1,39.05,6.47,null,19.3,null,39.05,null,6.47,null,19.3]
["人工单价",null,"小计",{"$nulls":6},39.05,null,6.47,null,19.3]
[null,null,"未计价材料费"]
["清单项目综合单价",{"$nulls":8},64.82]
["材\n料\n费\n明\n细","主要材料名称、规格、型号",{"$nulls":4},"单位","数量",null,"单价（元）",null,"合价（元）","暂估单价\n（元）","暂估合价\n（元）"]
[null,"其他材料费",{"$nulls":7},"-",null,6.47,"-"]
[null,"材料费小计",{"$nulls":7},"-",null,6.47,"-"]
{"$rows_empty":8}
["注：1.如不使用省级或行业建设主管部门发布的计价依据，可不填定额编码、名称等；\n    2.招标文件提供了暂估单价的材料，按暂估的单价填入表内“暂估单价”栏及“暂估合价”栏。"]
[{"$nulls":10},"表-09"]
["综合单价分析表"]
["工程名称：给排水",{"$nulls":7},"标段：",null,"第 27 页  共 31 页"]
["项目编码",null,"031004014002",null,"项目名称","给、排水附件",{"$nulls":3},"计量单位",null,"个/组","工程量",6]
["清单综合单价组成明细"]
["定额编号","定额项目名称","定额\n单位","数量","单价",{"$nulls":4},"合价"]
[{"$nulls":4},"人工费","材料费","机具费","管理费\n和利润",null,"人工费",null,"材料费","机具费","管理费\n和利润"]
["C10-4-92","地漏安装 公称直径(mm以内) 50","10个",null,165.99,0.71,null,79.21]
["人工单价",null,"小计"]
[null,null,"未计价材料费"]
["清单项目综合单价"]
["材\n料\n费\n明\n细","主要材料名称、规格、型号",{"$nulls":4},"单位","数量",null,"单价（元）",null,"合价（元）","暂估单价\n（元）","暂估合价\n（元）"]
[null,"地漏 ",{"$nulls":4},"个"]
[null,"其他材料费",{"$nulls":7},"-",null,null,"-"]
[null,"材料费小计",{"$nulls":7},"-",null,null,"-"]
{"$rows_empty":7}
["注：1.如不使用省级或行业建设主管部门发布的计价依据，可不填定额编码、名称等；\n    2.招标文件提供了暂估单价的材料，按暂估的单价填入表内“暂估单价”栏及“暂估合价”栏。"]
[{"$nulls":10},"表-09"]
["综合单价分析表"]
["工程名称：给排水",{"$nulls":7},"标段：",null,"第 28 页  共 31 页"]
["项目编码",null,"031004014003",null,"项目名称","给、排水附件",{"$nulls":3},"计量单位",null,"个/组","工程量",10]
["清单综合单价组成明细"]
["定额编号","定额项目名称","定额\n单位","数量","单价",{"$nulls":4},"合价"]
[{"$nulls":4},"人工费","材料费","机具费","管理费\n和利润",null,"人工费",null,"材料费","机具费","管理费\n和利润"]
["C10-4-94","地漏安装 公称直径(mm以内) 100","10个",null,376.19,0.88,null,179.52]
["人工单价",null,"小计"]
[null,null,"未计价材料费"]
["清单项目综合单价"]
["材\n料\n费\n明\n细","主要材料名称、规格、型号",{"$nulls":4},"单位","数量",null,"单价（元）",null,"合价（元）","暂估单价\n（元）","暂估合价\n（元）"]
[null,"地漏 ",{"$nulls":4},"个"]
[null,"其他材料费",{"$nulls":7},"-",null,null,"-"]
[null,"材料费小计",{"$nulls":7},"-",null,null,"-"]
{"$rows_empty":7}
["注：1.如不使用省级或行业建设主管部门发布的计价依据，可不填定额编码、名称等；\n    2.招标文件提供了暂估单价的材料，按暂估的单价填入表内“暂估单价”栏及“暂估合价”栏。"]
[{"$nulls":10},"表-09"]
["综合单价分析表"]
["工程名称：给排水",{"$nulls":7},"标段：",null,"第 29 页  共 31 页"]
["项目编码",null,"031302007001",null,"项目名称","高层施工增加",{"$nulls":3},"计量单位",null,"项","工程量",1]
["清单综合单价组成明细"]
["定额编号","定额项目名称","定额\n单位","数量","单价",{"$nulls":4},"合价"]
[{"$nulls":4},"人工费","材料费","机具费","管理费\n和利润",null,"人工费",null,"材料费","机具费","管理费\n和利润"]
[null,null,"未计价材料费"]
["清单项目综合单价"]
["材\n料\n费\n明\n细","主要材料名称、规格、型号",{"$nulls":4},"单位","数量",null,"单价（元）",null,"合价（元）","暂估单价\n（元）","暂估合价\n（元）"]
{"$rows_empty":10}
["注：1.如不使用省级或行业建设主管部门发布的计价依据，可不填定额编码、名称等；\n    2.招标文件提供了暂估单价的材料，按暂估的单价填入表内“暂估单价”栏及“暂估合价”栏。"]
[{"$nulls":10},"表-09"]
["综合单价分析表"]
["工程名称：给排水",{"$nulls":7},"标段：",null,"第 30 页  共 31 页"]
["项目编码",null,"031301017001",null,"项目名称","脚手架搭拆费",{"$nulls":3},"计量单位",null,"项","工程量",1]
["清单综合单价组成明细"]
["定额编号","定额项目名称","定额\n单位","数量","单价",{"$nulls":4},"合价"]
[{"$nulls":4},"人工费","材料费","机具费","管理费\n和利润",null,"人工费",null,"材料费","机具费","管理费\n和利润"]
[null,null,"未计价材料费"]
["清单项目综合单价"]
["材\n料\n费\n明\n细","主要材料名称、规格、型号",{"$nulls":4},"单位","数量",null,"单价（元）",null,"合价（元）","暂估单价\n（元）","暂估合价\n（元）"]
{"$rows_empty":10}
["注：1.如不使用省级或行业建设主管部门发布的计价依据，可不填定额编码、名称等；\n    2.招标文件提供了暂估单价的材料，按暂估的单价填入表内“暂估单价”栏及“暂估合价”栏。"]
[{"$nulls":10},"表-09"]
["综合单价分析表"]
["工程名称：给排水",{"$nulls":7},"标段：",null,"第 31 页  共 31 页"]
["项目编码",null,"031301005001",null,"项目名称","套管",{"$nulls":3},"计量单位",null,"个","工程量",33]
["清单综合单价组成明细"]
["定额编号","定额项目名称","定额\n单位","数量","单价",{"$nulls":4},"合价"]
[{"$nulls":4},"人工费","材料费","机具费","管理费\n和利润",null,"人工费",null,"材料费","机具费","管理费\n和利润"]
[null,null,"未计价材料费"]
["清单项目综合单价"]
["材\n料\n费\n明\n细","主要材料名称、规格、型号",{"$nulls":4},"单位","数量",null,"单价（元）",null,"合价（元）","暂估单价\n（元）","暂估合价\n（元）"]
{"$rows_empty":10}
["注：1.如不使用省级或行业建设主管部门发布的计价依据，可不填定额编码、名称等；\n    2.招标文件提供了暂估单价的材料，按暂估的单价填入表内“暂估单价”栏及“暂估合价”栏。"]
[{"$nulls":10},"表-09"]

{"sheet":"表-09 综合单价分析表（全费用）","index":7,"n_rows":696,"n_cols":20,"rows_kept":696,"merged":[[0,0,0,19],[1,0,1,10],[1,11,1,14],[1,15,1,19],[2,0,2,1],[2,2,2,3],[2,4,2,5],[2,6,2,9],[2,10,2,12],[2,13,2,15],[2,16,2,17],[2,18,2,19],[3,0,3,19],[4,4,4,11],[4,12,4,19],[5,10,5,11],[5,14,5,15],[6,10,6,11],[6,14,6,15],[7,0,7,1],[7,2,7,11],[7,14,7,15],[8,0,8,1],[8,2,8,11],[8,12,8,19],[9,0,9,11],[9,12,9,19],[10,1,10,8],[10,10,10,11],[10,12,10,13],[10,14,10,16],[10,18,10,19],[11,1,11,8],[11,10,11,11],[11,12,11,13],[11,14,11,16],[11,18,11,19],[12,1,12,8],[12,10,12,11],[12,12,12,13],[12,14,12,16],[12,18,12,19],[13,1,13,8],[13,10,13,11],[13,12,13,13],[13,14,13,16],[13,18,13,19],[14,1,14,8],[14,10,14,11],[14,12,14,13],[14,14,14,16],[14,18,14,19],[15,1,15,8],[15,10,15,11],[15,12,15,13],[15,14,15,16],[15,18,15,19],[16,1,16,8],[16,10,16,11],[16,12,16,13],[16,14,16,16],[16,18,16,19],[17,1,17,11],[17,12,17,13],[17,14,17,16],[17,18,17,19],[18,1,18,11],[18,12,18,13],[18,14,18,16],[18,18,18,19],[19,1,19,8],[19,10,19,11],[19,12,19,13],[19,14,19,16],[19,18,19,19],[20,1,20,8],[20,10,20,11],[20,12,20,13],[20,14,20,16],[20,18,20,19],[21,0,21,19],[22,0,22,10],[22,11,22,14],[22,15,22,19],[23,0,23,19],[24,0,24,10],[24,11,24,14],[24,15,24,19],[25,0,25,1],[25,2,25,3],[25,4,25,5],[25,6,25,9],[25,10,25,12],[25,13,25,15],[25,16,25,17],[25,18,25,19],[26,0,26,19],[27,4,27,11],[27,12,27,19],[28,10,28,11],[28,14,28,15],[29,10,29,11],[29,14,29,15],[30,0,30,1],[30,2,30,11],[30,14,30,15],[31,0,31,1],[31,2,31,11],[31,12,31,19],[32,0,32,11],[32,12,32,19],[33,1,33,8],[33,10,33,11],[33,12,33,13],[33,14,33,16],[33,18,33,19],[34,1,34,8],[34,10,34,11],[34,12,34,13],[34,14,34,16],[34,18,34,19],[35,1,35,8],[35,10,35,11],[35,12,35,13],[35,14,35,16],[35,18,35,19],[36,1,36,8],[36,10,36,11],[36,12,36,13],[36,14,36,16],[36,18,36,19],[37,1,37,8],[37,10,37,11],[37,12,37,13],[37,14,37,16],[37,18,37,19],[38,1,38,8],[38,10,38,11],[38,12,38,13],[38,14,38,16],[38,18,38,19],[39,1,39,11],[39,12,39,13],[39,14,39,16],[39,18,39,19],[40,1,40,11],[40,12,40,13],[40,14,40,16],[40,18,40,19],[41,1,41,8],[41,10,41,11],[41,12,41,13],[41,14,41,16],[41,18,41,19],[42,1,42,8],[42,10,42,11],[42,12,42,13],[42,14,42,16],[42,18,42,19],[43,1,43,8],[43,10,43,11],[43,12,43,13],[43,14,43,16],[43,18,43,19],[44,0,44,19],[45,0,45,10],[45,11,45,14],[45,15,45,19],[46,0,46,19],[47,0,47,10],[47,11,47,14],[47,15,47,19],[48,0,48,1],[48,2,48,3],[48,4,48,5],[48,6,48,9],[48,10,48,12],[48,13,48,15],[48,16,48,17],[48,18,48,19],[49,0,49,19],[50,4,50,11],[50,12,50,19],[51,10,51,11],[51,14,51,15],[52,10,52,11],[52,14,52,15],[53,0,53,1],[53,2,53,11],[53,14,53,15],[54,0,54,1],[54,2,54,11],[54,12,54,19],[55,0,55,11],[55,12,55,19],[56,1,56,8],[56,10,56,11],[56,12,56,13],[56,14,56,16],[56,18,56,19],[57,1,57,8],[57,10,57,11],[57,12,57,13],[57,14,57,16],[57,18,57,19],[58,1,58,8],[58,10,58,11],[58,12,58,13],[58,14,58,16],[58,18,58,19],[59,1,59,8],[59,10,59,11],[59,12,59,13],[59,14,59,16],[59,18,59,19],[60,1,60,8],[60,10,60,11],[60,12,60,13],[60,14,60,16],[60,18,60,19],[61,1,61,8],[61,10,61,11],[61,12,61,13],[61,14,61,16],[61,18,61,19],[62,1,62,11],[62,12,62,13],[62,14,62,16],[62,18,62,19],[63,1,63,11],[63,12,63,13],[63,14,63,16],[63,18,63,19],[64,1,64,8],[64,10,64,11],[64,12,64,13],[64,14,64,16],[64,18,64,19],[65,1,65,8],[65,10,65,11],[65,12,65,13],[65,14,65,16],[65,18,65,19],[66,1,66,8],[66,10,66,11],[66,12,66,13],[66,14,66,16],[66,18,66,19],[67,0,67,19],[68,0,68,10],[68,11,68,14],[68,15,68,19],[69,0,69,19],[70,0,70,10],[70,11,70,14],[70,15,70,19],[71,0,71,1],[71,2,71,3],[71,4,71,5],[71,6,71,9],[71,10,71,12],[71,13,71,15],[71,16,71,17],[71,18,71,19],[72,0,72,19],[73,4,73,11],[73,12,73,19],[74,10,74,11],[74,14,74,15],[75,10,75,11],[75,14,75,15],[76,0,76,1],[76,2,76,11],[76,14,76,15],[77,0,77,1],[77,2,77,11],[77,12,77,19],[78,0,78,11],[78,12,78,19],[79,1,79,8],[79,10,79,11],[79,12,79,13],[79,14,79,16],[79,18,79,19],[80,1,80,8],[80,10,80,11],[80,12,80,13],[80,14,80,16],[80,18,80,19],[81,1,81,8],[81,10,81,11],[81,12,81,13],[81,14,81,16],[81,18,81,19],[82,1,82,8],[82,10,82,11],[82,12,82,13],[82,14,82,16],[82,18,82,19],[83,1,83,8],[83,10,83,11],[83,12,83,13],[83,14,83,16],[83,18,83,19],[84,1,84,11],[84,12,84,13],[84,14,84,16],[84,18,84,19],[85,1,85,11],[85,12,85,13],[85,14,85,16],[85,18,85,19],[86,1,86,8],[86,10,86,11],[86,12,86,13],[86,14,86,16],[86,18,86,19],[87,1,87,8],[87,10,87,11],[87,12,87,13],[87,14,87,16],[87,18,87,19],[88,1,88,8],[88,10,88,11],[88,12,88,13],[88,14,88,16],[88,18,88,19],[89,1,89,8],[89,10,89,11],[89,12,89,13],[89,14,89,16],[89,18,89,19],[90,0,90,19],[91,0,91,10],[91,11,91,14],[91,15,91,19],[92,0,92,19],[93,0,93,10],[93,11,93,14],[93,15,93,19],[94,0,94,1],[94,2,94,3],[94,4,94,5],[94,6,94,9],[94,10,94,12],[94,13,94,15],[94,16,94,17],[94,18,94,19],[95,0,95,19],[96,4,96,11],[96,12,96,19],[97,10,97,11],[97,14,97,15],[98,10,98,11],[98,14,98,15],[99,0,99,1],[99,2,99,11],[99,14,99,15],[100,0,100,1],[100,2,100,11],[100,12,100,19],[101,0,101,11],[101,12,101,19],[102,1,102,8],[102,10,102,11],[102,12,102,13],[102,14,102,16],[102,18,102,19],[103,1,103,8],[103,10,103,11],[103,12,103,13],[103,14,103,16],[103,18,103,19],[104,1,104,8],[104,10,104,11],[104,12,104,13],[104,14,104,16],[104,18,104,19],[105,1,105,8],[105,10,105,11],[105,12,105,13],[105,14,105,16],[105,18,105,19],[106,1,106,8],[106,10,106,11],[106,12,106,13],[106,14,106,16],[106,18,106,19],[107,1,107,8],[107,10,107,11],[107,12,107,13],[107,14,107,16],[107,18,107,19],[108,1,108,8],[108,10,108,11],[108,12,108,13],[108,14,108,16],[108,18,108,19],[109,1,109,11],[109,12,109,13],[109,14,109,16],[109,18,109,19],[110,1,110,11],[110,12,110,13],[110,14,110,16],[110,18,110,19],[111,1,111,8],[111,10,111,11],[111,12,111,13],[111,14,111,16],[111,18,111,19],[112,1,112,8],[112,10,112,11],[112,12,112,13],[112,14,112,16],[112,18,112,19],[113,0,113,19],[114,0,114,10],[114,11,114,14],[114,15,114,19],[115,0,115,19],[116,0,116,10],[116,11,116,14],[116,15,116,19],[117,0,117,1],[117,2,117,3],[117,4,117,5],[117,6,117,9],[117,10,117,12],[117,13,117,15],[117,16,117,17],[117,18,117,19],[118,0,118,19],[119,4,119,11],[119,12,119,19],[120,10,120,11],[120,14,120,15],[121,10,121,11],[121,14,121,15],[122,0,122,1],[122,2,122,11],[122,14,122,15],[123,0,123,1],[123,2,123,11],[123,12,123,19],[124,0,124,11],[124,12,124,19],[125,1,125,8],[125,10,125,11],[125,12,125,13],[125,14,125,16],[125,18,125,19],[126,1,126,11],[126,12,126,13],[126,14,126,16],[126,18,126,19],[127,1,127,11],[127,12,127,13],[127,14,127,16],[127,18,127,19],[128,1,128,8],[128,10,128,11],[128,12,128,13],[128,14,128,16],[128,18,128,19],[129,1,129,8],[129,10,129,11],[129,12,129,13],[129,14,129,16],[129,18,129,19],[130,1,130,8],[130,10,130,11],[130,12,130,13],[130,14,130,16],[130,18,130,19],[131,1,131,8],[131,10,131,11],[131,12,131,13],[131,14,131,16],[131,18,131,19],[132,1,132,8],[132,10,132,11],[132,12,132,13],[132,14,132,16],[132,18,132,19],[133,1,133,8],[133,10,133,11],[133,12,133,13],[133,14,133,16],[133,18,133,19],[134,1,134,8],[134,10,134,11],[134,12,134,13],[134,14,134,16],[134,18,134,19],[135,1,135,8],[135,10,135,11],[135,12,135,13],[135,14,135,16],[135,18,135,19],[136,0,136,19],[137,0,137,10],[137,11,137,14],[137,15,137,19],[138,0,138,19],[139,0,139,10],[139,11,139,14],[139,15,139,19],[140,0,140,1],[140,2,140,3],[140,4,140,5],[140,6,140,9],[140,10,140,12],[140,13,140,15],[140,16,140,17],[140,18,140,19],[141,0,141,19],[142,4,142,11],[142,12,142,19],[143,10,143,11],[143,14,143,15],[144,10,144,11],[144,14,144,15],[145,0,145,1],[145,2,145,11],[145,14,145,15],[146,0,146,1],[146,2,146,11],[146,12,146,19],[147,0,147,11],[147,12,147,19],[148,1,148,8],[148,10,148,11],[148,12,148,13],[148,14,148,16],[148,18,148,19],[149,1,149,8],[149,10,149,11],[149,12,149,13],[149,14,149,16],[149,18,149,19],[150,1,150,11],[150,12,150,13],[150,14,150,16],[150,18,150,19],[151,1,151,11],[151,12,151,13],[151,14,151,16],[151,18,151,19],[152,1,152,8],[152,10,152,11],[152,12,152,13],[152,14,152,16],[152,18,152,19],[153,1,153,8],[153,10,153,11],[153,12,153,13],[153,14,153,16],[153,18,153,19],[154,1,154,8],[154,10,154,11],[154,12,154,13],[154,14,154,16],[154,18,154,19],[155,1,155,8],[155,10,155,11],[155,12,155,13],[155,14,155,16],[155,18,155,19],[156,1,156,8],[156,10,156,11],[156,12,156,13],[156,14,156,16],[156,18,156,19],[157,1,157,8],[157,10,157,11],[157,12,157,13],[157,14,157,16],[157,18,157,19],[158,1,158,8],[158,10,158,11],[158,12,158,13],[158,14,158,16],[158,18,158,19],[159,0,159,19],[160,0,160,10],[160,11,160,14],[160,15,160,19],[161,0,161,19],[162,0,162,10],[162,11,162,14],[162,15,162,19],[163,0,163,1],[163,2,163,3],[163,4,163,5],[163,6,163,9],[163,10,163,12],[163,13,163,15],[163,16,163,17],[163,18,163,19],[164,0,164,19],[165,4,165,11],[165,12,165,19],[166,10,166,11],[166,14,166,15],[167,10,167,11],[167,14,167,15],[168,0,168,1],[168,2,168,11],[168,14,168,15],[169,0,169,1],[169,2,169,11],[169,12,169,19],[170,0,170,11],[170,12,170,19],[171,1,171,8],[171,10,171,11],[171,12,171,13],[171,14,171,16],[171,18,171,19],[172,1,172,8],[172,10,172,11],[172,12,172,13],[172,14,172,16],[172,18,172,19],[173,1,173,11],[173,12,173,13],[173,14,173,16],[173,18,173,19],[174,1,174,11],[174,12,174,13],[174,14,174,16],[174,18,174,19],[175,1,175,8],[175,10,175,11],[175,12,175,13],[175,14,175,16],[175,18,175,19],[176,1,176,8],[176,10,176,11],[176,12,176,13],[176,14,176,16],[176,18,176,19],[177,1,177,8],[177,10,177,11],[177,12,177,13],[177,14,177,16],[177,18,177,19],[178,1,178,8],[178,10,178,11],[178,12,178,13],[178,14,178,16],[178,18,178,19],[179,1,179,8],[179,10,179,11],[179,12,179,13],[179,14,179,16],[179,18,179,19],[180,1,180,8],[180,10,180,11],[180,12,180,13],[180,14,180,16],[180,18,180,19],[181,1,181,8],[181,10,181,11],[181,12,181,13],[181,14,181,16],[181,18,181,19],[182,0,182,19],[183,0,183,10],[183,11,183,14],[183,15,183,19],[184,0,184,19],[185,0,185,10],[185,11,185,14],[185,15,185,19],[186,0,186,1],[186,2,186,3],[186,4,186,5],[186,6,186,9],[186,10,186,12],[186,13,186,15],[186,16,186,17],[186,18,186,19],[187,0,187,19],[188,4,188,11],[188,12,188,19],[189,10,189,11],[189,14,189,15],[190,10,190,11],[190,14,190,15],[191,0,191,1],[191,2,191,11],[191,14,191,15],[192,0,192,1],[192,2,192,11],[192,12,192,19],[193,0,193,11],[193,12,193,19],[194,1,194,8],[194,10,194,11],[194,12,194,13],[194,14,194,16],[194,18,194,19],[195,1,195,8],[195,10,195,11],[195,12,195,13],[195,14,195,16],[195,18,195,19],[196,1,196,8],[196,10,196,11],[196,12,196,13],[196,14,196,16],[196,18,196,19],[197,1,197,11],[197,12,197,13],[197,14,197,16],[197,18,197,19],[198,1,198,11],[198,12,198,13],[198,14,198,16],[198,18,198,19],[199,1,199,8],[199,10,199,11],[199,12,199,13],[199,14,199,16],[199,18,199,19],[200,1,200,8],[200,10,200,11],[200,12,200,13],[200,14,200,16],[200,18,200,19],[201,1,201,8],[201,10,201,11],[201,12,201,13],[201,14,201,16],[201,18,201,19],[202,1,202,8],[202,10,202,11],[202,12,202,13],[202,14,202,16],[202,18,202,19],[203,0,203,19],[204,0,204,10],[204,11,204,14],[204,15,204,19],[205,0,205,19],[206,0,206,10],[206,11,206,14],[206,15,206,19],[207,0,207,1],[207,2,207,3],[207,4,207,5],[207,6,207,9],[207,10,207,12],[207,13,207,15],[207,16,207,17],[207,18,207,19],[208,0,208,19],[209,4,209,11],[209,12,209,19],[210,10,210,11],[210,14,210,15],[211,10,211,11],[211,14,211,15],[212,0,212,1],[212,2,212,11],[212,14,212,15],[213,0,213,1],[213,2,213,11],[213,12,213,19],[214,0,214,11],[214,12,214,19],[215,1,215,8],[215,10,215,11],[215,12,215,13],[215,14,215,16],[215,18,215,19],[216,1,216,8],[216,10,216,11],[216,12,216,13],[216,14,216,16],[216,18,216,19],[217,1,217,8],[217,10,217,11],[217,12,217,13],[217,14,217,16],[217,18,217,19],[218,1,218,11],[218,12,218,13],[218,14,218,16],[218,18,218,19],[219,1,219,11],[219,12,219,13],[219,14,219,16],[219,18,219,19],[220,1,220,8],[220,10,220,11],[220,12,220,13],[220,14,220,16],[220,18,220,19],[221,1,221,8],[221,10,221,11],[221,12,221,13],[221,14,221,16],[221,18,221,19],[222,1,222,8],[222,10,222,11],[222,12,222,13],[222,14,222,16],[222,18,222,19],[223,1,223,8],[223,10,223,11],[223,12,223,13],[223,14,223,16],[223,18,223,19],[224,0,224,19],[225,0,225,10],[225,11,225,14],[225,15,225,19],[226,0,226,19],[227,0,227,10],[227,11,227,14],[227,15,227,19],[228,0,228,1],[228,2,228,3],[228,4,228,5],[228,6,228,9],[228,10,228,12],[228,13,228,15],[228,16,228,17],[228,18,228,19],[229,0,229,19],[230,4,230,11],[230,12,230,19],[231,10,231,11],[231,14,231,15],[232,10,232,11],[232,14,232,15],[233,0,233,1],[233,2,233,11],[233,14,233,15],[234,0,234,1],[234,2,234,11],[234,12,234,19],[235,0,235,11],[235,12,235,19],[236,1,236,8],[236,10,236,11],[236,12,236,13],[236,14,236,16],[236,18,236,19],[237,1,237,8],[237,10,237,11],[237,12,237,13],[237,14,237,16],[237,18,237,19],[238,1,238,11],[238,12,238,13],[238,14,238,16],[238,18,238,19],[239,1,239,11],[239,12,239,13],[239,14,239,16],[239,18,239,19],[240,1,240,8],[240,10,240,11],[240,12,240,13],[240,14,240,16],[240,18,240,19],[241,1,241,8],[241,10,241,11],[241,12,241,13],[241,14,241,16],[241,18,241,19],[242,1,242,8],[242,10,242,11],[242,12,242,13],[242,14,242,16],[242,18,242,19],[243,1,243,8],[243,10,243,11],[243,12,243,13],[243,14,243,16],[243,18,243,19],[244,1,244,8],[244,10,244,11],[244,12,244,13],[244,14,244,16],[244,18,244,19],[245,1,245,8],[245,10,245,11],[245,12,245,13],[245,14,245,16],[245,18,245,19],[246,0,246,19],[247,0,247,10],[247,11,247,14],[247,15,247,19],[248,0,248,19],[249,0,249,10],[249,11,249,14],[249,15,249,19],[250,0,250,1],[250,2,250,3],[250,4,250,5],[250,6,250,9],[250,10,250,12],[250,13,250,15],[250,16,250,17],[250,18,250,19],[251,0,251,19],[252,4,252,11],[252,12,252,19],[253,10,253,11],[253,14,253,15],[254,10,254,11],[254,14,254,15],[255,0,255,1],[255,2,255,11],[255,14,255,15],[256,0,256,1],[256,2,256,11],[256,12,256,19],[257,0,257,11],[257,12,257,19],[258,1,258,8],[258,10,258,11],[258,12,258,13],[258,14,258,16],[258,18,258,19],[259,1,259,8],[259,10,259,11],[259,12,259,13],[259,14,259,16],[259,18,259,19],[260,1,260,11],[260,12,260,13],[260,14,260,16],[260,18,260,19],[261,1,261,11],[261,12,261,13],[261,14,261,16],[261,18,261,19],[262,1,262,8],[262,10,262,11],[262,12,262,13],[262,14,262,16],[262,18,262,19],[263,1,263,8],[263,10,263,11],[263,12,263,13],[263,14,263,16],[263,18,263,19],[264,1,264,8],[264,10,264,11],[264,12,264,13],[264,14,264,16],[264,18,264,19],[265,1,265,8],[265,10,265,11],[265,12,265,13],[265,14,265,16],[265,18,265,19],[266,1,266,8],[266,10,266,11],[266,12,266,13],[266,14,266,16],[266,18,266,19],[267,1,267,8],[267,10,267,11],[267,12,267,13],[267,14,267,16],[267,18,267,19],[268,0,268,19],[269,0,269,10],[269,11,269,14],[269,15,269,19],[270,0,270,19],[271,0,271,10],[271,11,271,14],[271,15,271,19],[272,0,272,1],[272,2,272,3],[272,4,272,5],[272,6,272,9],[272,10,272,12],[272,13,272,15],[272,16,272,17],[272,18,272,19],[273,0,273,19],[274,4,274,11],[274,12,274,19],[275,10,275,11],[275,14,275,15],[276,10,276,11],[276,14,276,15],[277,0,277,1],[277,2,277,11],[277,14,277,15]],"merged_total":2692,"flags":["merged_cut"]}
["综合单价分析表"]
["工程名称：给排水",{"$nulls":10},"标段：",{"$nulls":3},"第 1 页  共 31 页"]
["项目编码",null,"031004003001",null,"项目名称",null,"洗脸盆",{"$nulls":3},"计量单位",null,null,"组",null,null,"工程量",null,12]
["清单综合单价组成明细"]
["定额编号","定额项目名称","定额\n单位","数量","单价",{"$nulls":7},"合价"]
[{"$nulls":4},"人工费","材料费","机具费","管理费","利润","规费","税金",null,"人工费","材料费","机具费",null,"管理费","利润","规费","税金"]
["C10-4-20","洗脸盆 台上式 冷热水","10组",0.1,573.17,88.73,null,158.88,114.63,{"$nulls":3},57.32,8.87,null,null,15.89,11.46]
["人工单价",null,"小计",{"$nulls":9},57.32,8.87,null,null,15.89,11.46]
[null,null,"未计价材料费"]
["清单项目综合单价",{"$nulls":11},93.54]
["材\n料\n费\n明\n细","主要材料名称、规格、型号",{"$nulls":7},"单位","数量",null,"单价（元）",null,"合价（元）",null,null,"暂估单价\n（元）","暂估合价\n（元）"]
[null,"洗脸盆 ",{"$nulls":7},"套",1.01]
[null,"洗脸盆排水附件 ",{"$nulls":7},"套",1.01]
[null,"混合冷热龙头 ",{"$nulls":7},"个",1.01]
[null,"角型阀(带铜活) DN15",{"$nulls":7},"个",2.02]
[null,"螺纹管件 DN15",{"$nulls":7},"个",2.02]
[null,"金属软管 DN15",{"$nulls":7},"条",2.02]
[null,"其他材料费",{"$nulls":10},"-",null,8.87,null,null,"-"]
[null,"材料费小计",{"$nulls":10},"-",null,8.87,null,null,"-"]
[]
[]
["注：1.如不使用省级或行业建设主管部门发布的计价依据，可不填定额编码、名称等；\n    2.招标文件提供了暂估单价的材料，按暂估的单价填入表内“暂估单价”栏及“暂估合价”栏。"]
[{"$nulls":15},"表-09"]
["综合单价分析表"]
["工程名称：给排水",{"$nulls":10},"标段：",{"$nulls":3},"第 2 页  共 31 页"]
["项目编码",null,"040602028001",null,"项目名称",null,"冲洗装置",{"$nulls":3},"计量单位",null,null,"套",null,null,"工程量",null,2]
["清单综合单价组成明细"]
["定额编号","定额项目名称","定额\n单位","数量","单价",{"$nulls":7},"合价"]
[{"$nulls":4},"人工费","材料费","机具费","管理费","利润","规费","税金",null,"人工费","材料费","机具费",null,"管理费","利润","规费","税金"]
["C10-4-23","洗涤盆安装 单嘴","10组",null,352.16,267.59,null,97.62,70.43]
["人工单价",null,"小计"]
[null,null,"未计价材料费"]
["清单项目综合单价"]
["材\n料\n费\n明\n细","主要材料名称、规格、型号",{"$nulls":7},"单位","数量",null,"单价（元）",null,"合价（元）",null,null,"暂估单价\n（元）","暂估合价\n（元）"]
[null,"螺纹管件 DN15",{"$nulls":7},"个"]
[null,"洗涤盆 ",{"$nulls":7},"套"]
[null,"洗涤盆排水附件 ",{"$nulls":7},"套"]
[null,"洗脸盆托架 ",{"$nulls":7},"副"]
[null,"水龙头 DN15",{"$nulls":7},"个"]
[null,"其他材料费",{"$nulls":10},"-",{"$nulls":4},"-"]
[null,"材料费小计",{"$nulls":10},"-",{"$nulls":4},"-"]
[]
[]
[]
["注：1.如不使用省级或行业建设主管部门发布的计价依据，可不填定额编码、名称等；\n    2.招标文件提供了暂估单价的材料，按暂估的单价填入表内“暂估单价”栏及“暂估合价”栏。"]
[{"$nulls":15},"表-09"]
["综合单价分析表"]
["工程名称：给排水",{"$nulls":10},"标段：",{"$nulls":3},"第 3 页  共 31 页"]
["项目编码",null,"031004004001",null,"项目名称",null,"洗涤盆",{"$nulls":3},"计量单位",null,null,"组",null,null,"工程量",null,2]
["清单综合单价组成明细"]
["定额编号","定额项目名称","定额\n单位","数量","单价",{"$nulls":7},"合价"]
[{"$nulls":4},"人工费","材料费","机具费","管理费","利润","规费","税金",null,"人工费","材料费","机具费",null,"管理费","利润","规费","税金"]
["C10-4-24","洗涤盆安装 双嘴","10组",0.1,401.59,278.41,null,111.32,80.32,{"$nulls":3},40.16,27.84,null,null,11.13,8.03]
["人工单价",null,"小计",{"$nulls":9},40.16,27.84,null,null,11.13,8.03]
[null,null,"未计价材料费"]
["清单项目综合单价",{"$nulls":11},87.16]
["材\n料\n费\n明\n细","主要材料名称、规格、型号",{"$nulls":7},"单位","数量",null,"单价（元）",null,"合价（元）",null,null,"暂估单价\n（元）","暂估合价\n（元）"]
[null,"螺纹管件 DN15",{"$nulls":7},"个",2.02]
[null,"洗涤盆 ",{"$nulls":7},"套",1.01]
[null,"洗涤盆排水附件 ",{"$nulls":7},"套",1.01]
[null,"洗脸盆托架 ",{"$nulls":7},"副",1.01]
[null,"水龙头 DN15",{"$nulls":7},"个",2.02]
[null,"其他材料费",{"$nulls":10},"-",null,27.84,null,null,"-"]
[null,"材料费小计",{"$nulls":10},"-",null,27.84,null,null,"-"]
[]
[]
[]
["注：1.如不使用省级或行业建设主管部门发布的计价依据，可不填定额编码、名称等；\n    2.招标文件提供了暂估单价的材料，按暂估的单价填入表内“暂估单价”栏及“暂估合价”栏。"]
[{"$nulls":15},"表-09"]
["综合单价分析表"]
["工程名称：给排水",{"$nulls":10},"标段：",{"$nulls":3},"第 4 页  共 31 页"]
["项目编码",null,"031004001001",null,"项目名称",null,"浴缸",{"$nulls":3},"计量单位",null,null,"组",null,null,"工程量",null,4]
["清单综合单价组成明细"]
["定额编号","定额项目名称","定额\n单位","数量","单价",{"$nulls":7},"合价"]
[{"$nulls":4},"人工费","材料费","机具费","管理费","利润","规费","税金",null,"人工费","材料费","机具费",null,"管理费","利润","规费","税金"]
["C10-4-3","搪瓷浴盆安装 冷热水带喷头","10组",0.1,1072.45,271.11,null,297.28,214.49,{"$nulls":3},107.25,27.11,null,null,29.73,21.45]
["人工单价",null,"小计",{"$nulls":9},107.25,27.11,null,null,29.73,21.45]
[null,null,"未计价材料费"]
["清单项目综合单价",{"$nulls":11},185.53]
["材\n料\n费\n明\n细","主要材料名称、规格、型号",{"$nulls":7},"单位","数量",null,"单价（元）",null,"合价（元）",null,null,"暂估单价\n（元）","暂估合价\n（元）"]
[null,"螺纹管件 DN15",{"$nulls":7},"个",2.02]
[null,"搪瓷浴缸 ",{"$nulls":7},"个",1.01]
[null,"浴缸排水配件 ",{"$nulls":7},"套",1.01]
[null,"浴盆混合水龙头带喷头 ",{"$nulls":7},"套",1.01]
[null,"其他材料费",{"$nulls":10},"-",null,27.11,null,null,"-"]
[null,"材料费小计",{"$nulls":10},"-",null,27.11,null,null,"-"]
[]
[]
[]
[]
["注：1.如不使用省级或行业建设主管部门发布的计价依据，可不填定额编码、名称等；\n    2.招标文件提供了暂估单价的材料，按暂估的单价填入表内“暂估单价”栏及“暂估合价”栏。"]
[{"$nulls":15},"表-09"]
["综合单价分析表"]
["工程名称：给排水",{"$nulls":10},"标段：",{"$nulls":3},"第 5 页  共 31 页"]
["项目编码",null,"031004006001",null,"项目名称",null,"大便器",{"$nulls":3},"计量单位",null,null,"组",null,null,"工程量",null,12]
["清单综合单价组成明细"]
["定额编号","定额项目名称","定额\n单位","数量","单价",{"$nulls":7},"合价"]
[{"$nulls":4},"人工费","材料费","机具费","管理费","利润","规费","税金",null,"人工费","材料费","机具费",null,"管理费","利润","规费","税金"]
["C10-4-40","坐式大便器安装 连体水箱","10套",null,646.84,252.93,null,179.3,129.37]
["人工单价",null,"小计"]
[null,null,"未计价材料费"]
["清单项目综合单价"]
["材\n料\n费\n明\n细","主要材料名称、规格、型号",{"$nulls":7},"单位","数量",null,"单价（元）",null,"合价（元）",null,null,"暂估单价\n（元）","暂估合价\n（元）"]
[null,"角型阀(带铜活) DN15",{"$nulls":7},"个"]
[null,"螺纹管件 DN15",{"$nulls":7},"个"]
[null,"金属软管 DN15",{"$nulls":7},"条"]
[null,"连体坐便器 ",{"$nulls":7},"个"]
[null,"连体坐便器进水阀配件 ",{"$nulls":7},"套"]
[null,"坐便器盖板 ",{"$nulls":7},"套"]
[null,"其他材料费",{"$nulls":10},"-",{"$nulls":4},"-"]
[null,"材料费小计",{"$nulls":10},"-",{"$nulls":4},"-"]
[]
[]
["注：1.如不使用省级或行业建设主管部门发布的计价依据，可不填定额编码、名称等；\n    2.招标文件提供了暂估单价的材料，按暂估的单价填入表内“暂估单价”栏及“暂估合价”栏。"]
[{"$nulls":15},"表-09"]
["综合单价分析表"]
["工程名称：给排水",{"$nulls":10},"标段：",{"$nulls":3},"第 6 页  共 31 页"]
["项目编码",null,"031003001001",null,"项目名称",null,"阀门",{"$nulls":3},"计量单位",null,null,"个",null,null,"工程量",null,10]
["清单综合单价组成明细"]
["定额编号","定额项目名称","定额\n单位","数量","单价",{"$nulls":7},"合价"]
[{"$nulls":4},"人工费","材料费","机具费","管理费","利润","规费","税金",null,"人工费","材料费","机具费",null,"管理费","利润","规费","税金"]
["C6-9-51","仪表阀门","个",1,39.05,6.47,null,11.49,7.81,{"$nulls":3},39.05,6.47,null,null,11.49,7.81]
["人工单价",null,"小计",{"$nulls":9},39.05,6.47,null,null,11.49,7.81]
[null,null,"未计价材料费"]
["清单项目综合单价",{"$nulls":11},64.82]
["材\n料\n费\n明\n细","主要材料名称、规格、型号",{"$nulls":7},"单位","数量",null,"单价（元）",null,"合价（元）",null,null,"暂估单价\n（元）","暂估合价\n（元）"]
[null,"其他材料费",{"$nulls":10},"-",null,6.47,null,null,"-"]
[null,"材料费小计",{"$nulls":10},"-",null,6.47,null,null,"-"]
{"$rows_empty":8}
["注：1.如不使用省级或行业建设主管部门发布的计价依据，可不填定额编码、名称等；\n    2.招标文件提供了暂估单价的材料，按暂估的单价填入表内“暂估单价”栏及“暂估合价”栏。"]
[{"$nulls":15},"表-09"]
["综合单价分析表"]
["工程名称：给排水",{"$nulls":10},"标段：",{"$nulls":3},"第 7 页  共 31 页"]
["项目编码",null,"031003011001",null,"项目名称",null,"水表",{"$nulls":3},"计量单位",null,null,"组/个",null,null,"工程量",null,1]
["清单综合单价组成明细"]
["定额编号","定额项目名称","定额\n单位","数量","单价",{"$nulls":7},"合价"]
[{"$nulls":4},"人工费","材料费","机具费","管理费","利润","规费","税金",null,"人工费","材料费","机具费",null,"管理费","利润","规费","税金"]
["C5-3-129","远传基表安装 远传冷、热水表","个",null,60.52,2.51,0.26,18.64,12.16]
["人工单价",null,"小计"]
[null,null,"未计价材料费"]
["清单项目综合单价"]
["材\n料\n费\n明\n细","主要材料名称、规格、型号",{"$nulls":7},"单位","数量",null,"单价（元）",null,"合价（元）",null,null,"暂估单价\n（元）","暂估合价\n（元）"]
[null,"各类远传基表 ",{"$nulls":7},"个"]
[null,"其他材料费",{"$nulls":10},"-",{"$nulls":4},"-"]
[null,"材料费小计",{"$nulls":10},"-",{"$nulls":4},"-"]
{"$rows_empty":7}
["注：1.如不使用省级或行业建设主管部门发布的计价依据，可不填定额编码、名称等；\n    2.招标文件提供了暂估单价的材料，按暂估的单价填入表内“暂估单价”栏及“暂估合价”栏。"]
[{"$nulls":15},"表-09"]
["综合单价分析表"]
["工程名称：给排水",{"$nulls":10},"标段：",{"$nulls":3},"第 8 页  共 31 页"]
["项目编码",null,"031004014001",null,"项目名称",null,"给、排水附件",{"$nulls":3},"计量单位",null,null,"个/组",null,null,"工程量",null,2]
["清单综合单价组成明细"]
["定额编号","定额项目名称","定额\n单位","数量","单价",{"$nulls":7},"合价"]
[{"$nulls":4},"人工费","材料费","机具费","管理费","利润","规费","税金",null,"人工费","材料费","机具费",null,"管理费","利润","规费","税金"]
["C10-4-92","地漏安装 公称直径(mm以内) 50","10个",null,165.99,0.71,null,46.01,33.2]
["人工单价",null,"小计"]
[null,null,"未计价材料费"]
["清单项目综合单价"]
["材\n料\n费\n明\n细","主要材料名称、规格、型号",{"$nulls":7},"单位","数量",null,"单价（元）",null,"合价（元）",null,null,"暂估单价\n（元）","暂估合价\n（元）"]
[null,"地漏 ",{"$nulls":7},"个"]
[null,"其他材料费",{"$nulls":10},"-",{"$nulls":4},"-"]
[null,"材料费小计",{"$nulls":10},"-",{"$nulls":4},"-"]
{"$rows_empty":7}
["注：1.如不使用省级或行业建设主管部门发布的计价依据，可不填定额编码、名称等；\n    2.招标文件提供了暂估单价的材料，按暂估的单价填入表内“暂估单价”栏及“暂估合价”栏。"]
[{"$nulls":15},"表-09"]
["综合单价分析表"]
["工程名称：给排水",{"$nulls":10},"标段：",{"$nulls":3},"第 9 页  共 31 页"]
["项目编码",null,"031001007001",null,"项目名称",null,"复合管",{"$nulls":3},"计量单位",null,null,"m",null,null,"工程量",null,9.083]
["清单综合单价组成明细"]
["定额编号","定额项目名称","定额\n单位","数量","单价",{"$nulls":7},"合价"]
[{"$nulls":4},"人工费","材料费","机具费","管理费","利润","规费","税金",null,"人工费","材料费","机具费",null,"管理费","利润","规费","税金"]
["C10-1-393","给排水管道 室内钢塑复合管(螺纹连接) 公称直径(mm以内) 32","10m",0.1,254.25,136.9,12.64,73.98,53.38,{"$nulls":3},25.43,13.69,1.26,null,7.4,5.34]
["人工单价",null,"小计",{"$nulls":9},25.43,13.69,1.26,null,7.4,5.34]
[null,null,"未计价材料费",{"$nulls":9},9.84]
["清单项目综合单价",{"$nulls":11},53.12]
["材\n料\n费\n明\n细","主要材料名称、规格、型号",{"$nulls":7},"单位","数量",null,"单价（元）",null,"合价（元）",null,null,"暂估单价\n（元）","暂估合价\n（元）"]
[null,"钢塑复合管 ",{"$nulls":7},"m",0.991,null,9.93,null,9.84]
[null,"室内钢塑给水管接头零件 ",{"$nulls":7},"个",0.983]
[null,"其他材料费",{"$nulls":10},"-",null,3.83,null,null,"-"]
[null,"材料费小计",{"$nulls":10},"-",null,13.67,null,null,"-"]
[]
[]
[]
[]
["注：1.如不使用省级或行业建设主管部门发布的计价依据，可不填定额编码、名称等；\n    2.招标文件提供了暂估单价的材料，按暂估的单价填入表内“暂估单价”栏及“暂估合价”栏。"]
[{"$nulls":15},"表-09"]
["综合单价分析表"]
["工程名称：给排水",{"$nulls":10},"标段：",{"$nulls":3},"第 10 页  共 31 页"]
["项目编码",null,"031001007002",null,"项目名称",null,"复合管",{"$nulls":3},"计量单位",null,null,"m",null,null,"工程量",null,4.65]
["清单综合单价组成明细"]
["定额编号","定额项目名称","定额\n单位","数量","单价",{"$nulls":7},"合价"]
[{"$nulls":4},"人工费","材料费","机具费","管理费","利润","规费","税金",null,"人工费","材料费","机具费",null,"管理费","利润","规费","税金"]
["C10-1-394","给排水管道 室内钢塑复合管(螺纹连接) 公称直径(mm以内) 40","10m",0.1,257.15,138.51,14.04,75.17,54.24,{"$nulls":3},25.72,13.85,1.4,null,7.52,5.42]
["人工单价",null,"小计",{"$nulls":9},25.72,13.85,1.4,null,7.52,5.42]
[null,null,"未计价材料费",{"$nulls":9},9.95]
["清单项目综合单价",{"$nulls":11},53.91]
["材\n料\n费\n明\n细","主要材料名称、规格、型号",{"$nulls":7},"单位","数量",null,"单价（元）",null,"合价（元）",null,null,"暂估单价\n（元）","暂估合价\n（元）"]
[null,"钢塑复合管 ",{"$nulls":7},"m",1.002,null,9.93,null,9.95]
[null,"室内钢塑给水管接头零件 ",{"$nulls":7},"个",0.786]
[null,"其他材料费",{"$nulls":10},"-",null,3.89,null,null,"-"]
[null,"材料费小计",{"$nulls":10},"-",null,13.84,null,null,"-"]
[]
[]
[]
[]
["注：1.如不使用省级或行业建设主管部门发布的计价依据，可不填定额编码、名称等；\n    2.招标文件提供了暂估单价的材料，按暂估的单价填入表内“暂估单价”栏及“暂估合价”栏。"]
[{"$nulls":15},"表-09"]
["综合单价分析表"]
["工程名称：给排水",{"$nulls":10},"标段：",{"$nulls":3},"第 11 页  共 31 页"]
["项目编码",null,"031001006001",null,"项目名称",null,"塑料管",{"$nulls":3},"计量单位",null,null,"m",null,null,"工程量",null,1.687]
["清单综合单价组成明细"]
["定额编号","定额项目名称","定额\n单位","数量","单价",{"$nulls":7},"合价"]
[{"$nulls":4},"人工费","材料费","机具费","管理费","利润","规费","税金",null,"人工费","材料费","机具费",null,"管理费","利润","规费","税金"]
["C8-2-273","低压 塑料管(热风焊) 公称直径(mm以内) 20","10m",0.1,43.69,0.87,1.85,13.37,9.11,{"$nulls":3},4.37,0.09,0.19,null,1.34,0.91]
["人工单价",null,"小计",{"$nulls":9},4.37,0.09,0.19,null,1.34,0.91]
[null,null,"未计价材料费"]
["清单项目综合单价",{"$nulls":11},6.89]
["材\n料\n费\n明\n细","主要材料名称、规格、型号",{"$nulls":7},"单位","数量",null,"单价（元）",null,"合价（元）",null,null,"暂估单价\n（元）","暂估合价\n（元）"]
[null,"塑料管 ",{"$nulls":7},"m",1]
[null,"其他材料费",{"$nulls":10},"-",null,0.08,null,null,"-"]
[null,"材料费小计",{"$nulls":10},"-",null,0.08,null,null,"-"]
[]
[]
[]
[]
[]
[]
["注：1.如不使用省级或行业建设主管部门发布的计价依据，可不填定额编码、名称等；\n    2.招标文件提供了暂估单价的材料，按暂估的单价填入表内“暂估单价”栏及“暂估合价”栏。"]
[{"$nulls":15},"表-09"]
["综合单价分析表"]
["工程名称：给排水",{"$nulls":10},"标段：",{"$nulls":3},"第 12 页  共 31 页"]
["项目编码",null,"031001006002",null,"项目名称",null,"塑料管",{"$nulls":3},"计量单位",null,null,"m",null,null,"工程量",null,10.951]
["清单综合单价组成明细"]
["定额编号","定额项目名称","定额\n单位","数量","单价",{"$nulls":7},"合价"]
[{"$nulls":4},"人工费","材料费","机具费","管理费","利润","规费","税金",null,"人工费","材料费","机具费",null,"管理费","利润","规费","税金"]
["C8-2-273","低压 塑料管(热风焊) 公称直径(mm以内) 20","10m",0.1,43.69,0.87,1.85,13.37,9.11,{"$nulls":3},4.37,0.09,0.19,null,1.34,0.91]
["人工单价",null,"小计",{"$nulls":9},4.37,0.09,0.19,null,1.34,0.91]
[null,null,"未计价材料费"]
["清单项目综合单价",{"$nulls":11},6.89]
["材\n料\n费\n明\n细","主要材料名称、规格、型号",{"$nulls":7},"单位","数量",null,"单价（元）",null,"合价（元）",null,null,"暂估单价\n（元）","暂估合价\n（元）"]
[null,"塑料管 ",{"$nulls":7},"m",1]
[null,"其他材料费",{"$nulls":10},"-",null,0.08,null,null,"-"]
[null,"材料费小计",{"$nulls":10},"-",null,0.08,null,null,"-"]
[]
[]
[]
[]
[]
[]
["注：1.如不使用省级或行业建设主管部门发布的计价依据，可不填定额编码、名称等；\n    2.招标文件提供了暂估单价的材料，按暂估的单价填入表内“暂估单价”栏及“暂估合价”栏。"]
[{"$nulls":15},"表-09"]
["综合单价分析表"]
["工程名称：给排水",{"$nulls":10},"标段：",{"$nulls":3},"第 13 页  共 31 页"]
["项目编码",null,"031001006003",null,"项目名称",null,"塑料管",{"$nulls":3},"计量单位",null,null,"m",null,null,"工程量",null,4.325]
["清单综合单价组成明细"]
["定额编号","定额项目名称","定额\n单位","数量","单价",{"$nulls":7},"合价"]
[{"$nulls":4},"人工费","材料费","机具费","管理费","利润","规费","税金",null,"人工费","材料费","机具费",null,"管理费","利润","规费","税金"]
["C8-2-273","低压 塑料管(热风焊) 公称直径(mm以内) 20","10m",0.1,43.69,0.87,1.85,13.37,9.11,{"$nulls":3},4.37,0.09,0.19,null,1.34,0.91]
["人工单价",null,"小计",{"$nulls":9},4.37,0.09,0.19,null,1.34,0.91]
[null,null,"未计价材料费"]
["清单项目综合单价",{"$nulls":11},6.89]
["材\n料\n费\n明\n细","主要材料名称、规格、型号",{"$nulls":7},"单位","数量",null,"单价（元）",null,"合价（元）",null,null,"暂估单价\n（元）","暂估合价\n（元）"]
[null,"塑料管 ",{"$nulls":7},"m",1]
[null,"其他材料费",{"$nulls":10},"-",null,0.08,null,null,"-"]
[null,"材料费小计",{"$nulls":10},"-",null,0.08,null,null,"-"]
[]
[]
[]
[]
[]
[]
["注：1.如不使用省级或行业建设主管部门发布的计价依据，可不填定额编码、名称等；\n    2.招标文件提供了暂估单价的材料，按暂估的单价填入表内“暂估单价”栏及“暂估合价”栏。"]
[{"$nulls":15},"表-09"]
["综合单价分析表"]
["工程名称：给排水",{"$nulls":10},"标段：",{"$nulls":3},"第 14 页  共 31 页"]
["项目编码",null,"031001006004",null,"项目名称",null,"塑料管",{"$nulls":3},"计量单位",null,null,"m",null,null,"工程量",null,19.701]
["清单综合单价组成明细"]
["定额编号","定额项目名称","定额\n单位","数量","单价",{"$nulls":7},"合价"]
[{"$nulls":4},"人工费","材料费","机具费","管理费","利润","规费","税金",null,"人工费","材料费","机具费",null,"管理费","利润","规费","税金"]
["C8-2-274","低压 塑料管(热风焊) 公称直径(mm以内) 25","10m",0.1,46.74,0.93,2.26,14.38,9.8,{"$nulls":3},4.67,0.09,0.23,null,1.44,0.98]
["人工单价",null,"小计",{"$nulls":9},4.67,0.09,0.23,null,1.44,0.98]
[null,null,"未计价材料费"]
["清单项目综合单价",{"$nulls":11},7.41]
["材\n料\n费\n明\n细","主要材料名称、规格、型号",{"$nulls":7},"单位","数量",null,"单价（元）",null,"合价（元）",null,null,"暂估单价\n（元）","暂估合价\n（元）"]
[null,"塑料管 ",{"$nulls":7},"m",1]
[null,"其他材料费",{"$nulls":10},"-",null,0.09,null,null,"-"]
[null,"材料费小计",{"$nulls":10},"-",null,0.09,null,null,"-"]
[]
[]
[]
[]
[]
[]
["注：1.如不使用省级或行业建设主管部门发布的计价依据，可不填定额编码、名称等；\n    2.招标文件提供了暂估单价的材料，按暂估的单价填入表内“暂估单价”栏及“暂估合价”栏。"]
[{"$nulls":15},"表-09"]
["综合单价分析表"]
["工程名称：给排水",{"$nulls":10},"标段：",{"$nulls":3},"第 15 页  共 31 页"]
["项目编码",null,"031001006005",null,"项目名称",null,"塑料管",{"$nulls":3},"计量单位",null,null,"m",null,null,"工程量",null,0.897]
["清单综合单价组成明细"]
["定额编号","定额项目名称","定额\n单位","数量","单价",{"$nulls":7},"合价"]
[{"$nulls":4},"人工费","材料费","机具费","管理费","利润","规费","税金",null,"人工费","材料费","机具费",null,"管理费","利润","规费","税金"]
["C8-2-274","低压 塑料管(热风焊) 公称直径(mm以内) 25","10m",0.1,46.74,0.93,2.26,14.38,9.8,{"$nulls":3},4.67,0.09,0.23,null,1.44,0.98]
["人工单价",null,"小计",{"$nulls":9},4.67,0.09,0.23,null,1.44,0.98]
[null,null,"未计价材料费"]
["清单项目综合单价",{"$nulls":11},7.41]
["材\n料\n费\n明\n细","主要材料名称、规格、型号",{"$nulls":7},"单位","数量",null,"单价（元）",null,"合价（元）",null,null,"暂估单价\n（元）","暂估合价\n（元）"]
[null,"塑料管 ",{"$nulls":7},"m",1]
[null,"其他材料费",{"$nulls":10},"-",null,0.09,null,null,"-"]
[null,"材料费小计",{"$nulls":10},"-",null,0.09,null,null,"-"]
[]
[]
[]
[]
[]
[]
["注：1.如不使用省级或行业建设主管部门发布的计价依据，可不填定额编码、名称等；\n    2.招标文件提供了暂估单价的材料，按暂估的单价填入表内“暂估单价”栏及“暂估合价”栏。"]
[{"$nulls":15},"表-09"]
["综合单价分析表"]
["工程名称：给排水",{"$nulls":10},"标段：",{"$nulls":3},"第 16 页  共 31 页"]
["项目编码",null,"031001006006",null,"项目名称",null,"塑料管",{"$nulls":3},"计量单位",null,null,"m",null,null,"工程量",null,84.267]
["清单综合单价组成明细"]
["定额编号","定额项目名称","定额\n单位","数量","单价",{"$nulls":7},"合价"]
[{"$nulls":4},"人工费","材料费","机具费","管理费","利润","规费","税金",null,"人工费","材料费","机具费",null,"管理费","利润","规费","税金"]
["C8-2-274","低压 塑料管(热风焊) 公称直径(mm以内) 25","10m",0.1,46.74,0.93,2.26,14.38,9.8,{"$nulls":3},4.67,0.09,0.23,null,1.44,0.98]
["人工单价",null,"小计",{"$nulls":9},4.67,0.09,0.23,null,1.44,0.98]
[null,null,"未计价材料费"]
["清单项目综合单价",{"$nulls":11},7.41]
["材\n料\n费\n明\n细","主要材料名称、规格、型号",{"$nulls":7},"单位","数量",null,"单价（元）",null,"合价（元）",null,null,"暂估单价\n（元）","暂估合价\n（元）"]
[null,"塑料管 ",{"$nulls":7},"m",1]
[null,"其他材料费",{"$nulls":10},"-",null,0.09,null,null,"-"]
[null,"材料费小计",{"$nulls":10},"-",null,0.09,null,null,"-"]
[]
[]
[]
[]
[]
[]
["注：1.如不使用省级或行业建设主管部门发布的计价依据，可不填定额编码、名称等；\n    2.招标文件提供了暂估单价的材料，按暂估的单价填入表内“暂估单价”栏及“暂估合价”栏。"]
[{"$nulls":15},"表-09"]
["综合单价分析表"]
["工程名称：给排水",{"$nulls":10},"标段：",{"$nulls":3},"第 17 页  共 31 页"]
["项目编码",null,"031001006007",null,"项目名称",null,"塑料管",{"$nulls":3},"计量单位",null,null,"m",null,null,"工程量",null,229.923]
["清单综合单价组成明细"]
["定额编号","定额项目名称","定额\n单位","数量","单价",{"$nulls":7},"合价"]
[{"$nulls":4},"人工费","材料费","机具费","管理费","利润","规费","税金",null,"人工费","材料费","机具费",null,"管理费","利润","规费","税金"]
["C8-2-293","低压 塑料管(承插粘接) 公称直径(mm以内) 100","10m",0.1,95.01,1.76,0.03,27.89,19.01,{"$nulls":3},9.5,0.18,null,null,2.79,1.9]
["人工单价",null,"小计",{"$nulls":9},9.5,0.18,null,null,2.79,1.9]
[null,null,"未计价材料费"]
["清单项目综合单价",{"$nulls":11},14.37]
["材\n料\n费\n明\n细","主要材料名称、规格、型号",{"$nulls":7},"单位","数量",null,"单价（元）",null,"合价（元）",null,null,"暂估单价\n（元）","暂估合价\n（元）"]
[null,"承插塑料管 ",{"$nulls":7},"m",1]
[null,"其他材料费",{"$nulls":10},"-",null,0.18,null,null,"-"]
[null,"材料费小计",{"$nulls":10},"-",null,0.18,null,null,"-"]
[]
[]
[]
[]
[]
[]
["注：1.如不使用省级或行业建设主管部门发布的计价依据，可不填定额编码、名称等；\n    2.招标文件提供了暂估单价的材料，按暂估的单价填入表内“暂估单价”栏及“暂估合价”栏。"]
[{"$nulls":15},"表-09"]
["综合单价分析表"]
["工程名称：给排水",{"$nulls":10},"标段：",{"$nulls":3},"第 18 页  共 31 页"]
["项目编码",null,"031001006008",null,"项目名称",null,"塑料管",{"$nulls":3},"计量单位",null,null,"m",null,null,"工程量",null,6.6]
["清单综合单价组成明细"]
["定额编号","定额项目名称","定额\n单位","数量","单价",{"$nulls":7},"合价"]
[{"$nulls":4},"人工费","材料费","机具费","管理费","利润","规费","税金",null,"人工费","材料费","机具费",null,"管理费","利润","规费","税金"]
["C8-2-288","低压 塑料管(承插粘接) 公称直径(mm以内) 32","10m",0.1,39.26,0.56,null,11.52,7.85,{"$nulls":3},3.93,0.06,null,null,1.15,0.79]
["人工单价",null,"小计",{"$nulls":9},3.93,0.06,null,null,1.15,0.79]
[null,null,"未计价材料费"]
["清单项目综合单价",{"$nulls":11},5.92]
["材\n料\n费\n明\n细","主要材料名称、规格、型号",{"$nulls":7},"单位","数量",null,"单价（元）",null,"合价（元）",null,null,"暂估单价\n（元）","暂估合价\n（元）"]
[null,"承插塑料管 ",{"$nulls":7},"m",1]
[null,"其他材料费",{"$nulls":10},"-",null,0.05,null,null,"-"]
[null,"材料费小计",{"$nulls":10},"-",null,0.05,null,null,"-"]
[]
[]
[]
[]
[]
[]
["注：1.如不使用省级或行业建设主管部门发布的计价依据，可不填定额编码、名称等；\n    2.招标文件提供了暂估单价的材料，按暂估的单价填入表内“暂估单价”栏及“暂估合价”栏。"]
[{"$nulls":15},"表-09"]
["综合单价分析表"]
["工程名称：给排水",{"$nulls":10},"标段：",{"$nulls":3},"第 19 页  共 31 页"]
["项目编码",null,"031001006009",null,"项目名称",null,"塑料管",{"$nulls":3},"计量单位",null,null,"m",null,null,"工程量",null,25.06]
["清单综合单价组成明细"]
["定额编号","定额项目名称","定额\n单位","数量","单价",{"$nulls":7},"合价"]
[{"$nulls":4},"人工费","材料费","机具费","管理费","利润","规费","税金",null,"人工费","材料费","机具费",null,"管理费","利润","规费","税金"]
["C8-2-290","低压 塑料管(承插粘接) 公称直径(mm以内) 50","10m",0.1,54.07,0.74,null,15.87,10.81,{"$nulls":3},5.41,0.07,null,null,1.59,1.08]
["人工单价",null,"小计",{"$nulls":9},5.41,0.07,null,null,1.59,1.08]
[null,null,"未计价材料费"]
["清单项目综合单价",{"$nulls":11},8.15]
["材\n料\n费\n明\n细","主要材料名称、规格、型号",{"$nulls":7},"单位","数量",null,"单价（元）",null,"合价（元）",null,null,"暂估单价\n（元）","暂估合价\n（元）"]
[null,"承插塑料管 ",{"$nulls":7},"m",1]
[null,"其他材料费",{"$nulls":10},"-",null,0.07,null,null,"-"]
[null,"材料费小计",{"$nulls":10},"-",null,0.07,null,null,"-"]
[]
[]
[]
[]
[]
[]
["注：1.如不使用省级或行业建设主管部门发布的计价依据，可不填定额编码、名称等；\n    2.招标文件提供了暂估单价的材料，按暂估的单价填入表内“暂估单价”栏及“暂估合价”栏。"]
[{"$nulls":15},"表-09"]
["综合单价分析表"]
["工程名称：给排水",{"$nulls":10},"标段：",{"$nulls":3},"第 20 页  共 31 页"]
["项目编码",null,"031001006010",null,"项目名称",null,"塑料管",{"$nulls":3},"计量单位",null,null,"m",null,null,"工程量",null,10.763]
["清单综合单价组成明细"]
["定额编号","定额项目名称","定额\n单位","数量","单价",{"$nulls":7},"合价"]
[{"$nulls":4},"人工费","材料费","机具费","管理费","利润","规费","税金",null,"人工费","材料费","机具费",null,"管理费","利润","规费","税金"]
["C8-2-292","低压 塑料管(承插粘接) 公称直径(mm以内) 80","10m",0.1,76.94,1.33,0.03,22.59,15.39,{"$nulls":3},7.69,0.13,null,null,2.26,1.54]
["人工单价",null,"小计",{"$nulls":9},7.69,0.13,null,null,2.26,1.54]
[null,null,"未计价材料费"]
["清单项目综合单价",{"$nulls":11},11.63]
["材\n料\n费\n明\n细","主要材料名称、规格、型号",{"$nulls":7},"单位","数量",null,"单价（元）",null,"合价（元）",null,null,"暂估单价\n（元）","暂估合价\n（元）"]
[null,"承插塑料管 ",{"$nulls":7},"m",1]
[null,"其他材料费",{"$nulls":10},"-",null,0.13,null,null,"-"]
[null,"材料费小计",{"$nulls":10},"-",null,0.13,null,null,"-"]
[]
[]
[]
[]
[]
[]
["注：1.如不使用省级或行业建设主管部门发布的计价依据，可不填定额编码、名称等；\n    2.招标文件提供了暂估单价的材料，按暂估的单价填入表内“暂估单价”栏及“暂估合价”栏。"]
[{"$nulls":15},"表-09"]
["综合单价分析表"]
["工程名称：给排水",{"$nulls":10},"标段：",{"$nulls":3},"第 21 页  共 31 页"]
["项目编码",null,"031003008001",null,"项目名称",null,"软接头(软管)",{"$nulls":3},"计量单位",null,null,"个/根",null,null,"工程量",null,8]
["清单综合单价组成明细"]
["定额编号","定额项目名称","定额\n单位","数量","单价",{"$nulls":7},"合价"]
[{"$nulls":4},"人工费","材料费","机具费","管理费","利润","规费","税金",null,"人工费","材料费","机具费",null,"管理费","利润","规费","税金"]
["C10-3-177","螺纹式软接头安装 公称直径(mm以内) 32","个",null,20.9,3.66,1,6.07,4.38]
["人工单价",null,"小计"]
[null,null,"未计价材料费"]
["清单项目综合单价"]
["材\n料\n费\n明\n细","主要材料名称、规格、型号",{"$nulls":7},"单位","数量",null,"单价（元）",null,"合价（元）",null,null,"暂估单价\n（元）","暂估合价\n（元）"]
[null,"螺纹式软接头 ",{"$nulls":7},"个"]
[null,"其他材料费",{"$nulls":10},"-",{"$nulls":4},"-"]
[null,"材料费小计",{"$nulls":10},"-",{"$nulls":4},"-"]
{"$rows_empty":7}
["注：1.如不使用省级或行业建设主管部门发布的计价依据，可不填定额编码、名称等；\n    2.招标文件提供了暂估单价的材料，按暂估的单价填入表内“暂估单价”栏及“暂估合价”栏。"]
[{"$nulls":15},"表-09"]
["综合单价分析表"]
["工程名称：给排水",{"$nulls":10},"标段：",{"$nulls":3},"第 22 页  共 31 页"]
["项目编码",null,"031003008002",null,"项目名称",null,"软接头(软管)",{"$nulls":3},"计量单位",null,null,"个/根",null,null,"工程量",null,2]
["清单综合单价组成明细"]
["定额编号","定额项目名称","定额\n单位","数量","单价",{"$nulls":7},"合价"]
[{"$nulls":4},"人工费","材料费","机具费","管理费","利润","规费","税金",null,"人工费","材料费","机具费",null,"管理费","利润","规费","税金"]
["C10-3-176","螺纹式软接头安装 公称直径(mm以内) 25","个",null,18.7,2.96,0.77,5.4,3.89]
["人工单价",null,"小计"]
[null,null,"未计价材料费"]
["清单项目综合单价"]
["材\n料\n费\n明\n细","主要材料名称、规格、型号",{"$nulls":7},"单位","数量",null,"单价（元）",null,"合价（元）",null,null,"暂估单价\n（元）","暂估合价\n（元）"]
[null,"螺纹式软接头 ",{"$nulls":7},"个"]
[null,"其他材料费",{"$nulls":10},"-",{"$nulls":4},"-"]
[null,"材料费小计",{"$nulls":10},"-",{"$nulls":4},"-"]
{"$rows_empty":7}
["注：1.如不使用省级或行业建设主管部门发布的计价依据，可不填定额编码、名称等；\n    2.招标文件提供了暂估单价的材料，按暂估的单价填入表内“暂估单价”栏及“暂估合价”栏。"]
[{"$nulls":15},"表-09"]
["综合单价分析表"]
["工程名称：给排水",{"$nulls":10},"标段：",{"$nulls":3},"第 23 页  共 31 页"]
["项目编码",null,"031003001002",null,"项目名称",null,"阀门",{"$nulls":3},"计量单位",null,null,"个",null,null,"工程量",null,2]
["清单综合单价组成明细"]
["定额编号","定额项目名称","定额\n单位","数量","单价",{"$nulls":7},"合价"]
[{"$nulls":4},"人工费","材料费","机具费","管理费","利润","规费","税金",null,"人工费","材料费","机具费",null,"管理费","利润","规费","税金"]
["C6-9-51","仪表阀门","个",1,39.05,6.47,null,11.49,7.81,{"$nulls":3},39.05,6.47,null,null,11.49,7.81]
["人工单价",null,"小计",{"$nulls":9},39.05,6.47,null,null,11.49,7.81]
[null,null,"未计价材料费"]
["清单项目综合单价",{"$nulls":11},64.82]
["材\n料\n费\n明\n细","主要材料名称、规格、型号",{"$nulls":7},"单位","数量",null,"单价（元）",null,"合价（元）",null,null,"暂估单价\n（元）","暂估合价\n（元）"]
[null,"其他材料费",{"$nulls":10},"-",null,6.47,null,null,"-"]
[null,"材料费小计",{"$nulls":10},"-",null,6.47,null,null,"-"]
{"$rows_empty":8}
["注：1.如不使用省级或行业建设主管部门发布的计价依据，可不填定额编码、名称等；\n    2.招标文件提供了暂估单价的材料，按暂估的单价填入表内“暂估单价”栏及“暂估合价”栏。"]
[{"$nulls":15},"表-09"]
["综合单价分析表"]
["工程名称：给排水",{"$nulls":10},"标段：",{"$nulls":3},"第 24 页  共 31 页"]
["项目编码",null,"031003001003",null,"项目名称",null,"阀门",{"$nulls":3},"计量单位",null,null,"个",null,null,"工程量",null,2]
["清单综合单价组成明细"]
["定额编号","定额项目名称","定额\n单位","数量","单价",{"$nulls":7},"合价"]
[{"$nulls":4},"人工费","材料费","机具费","管理费","利润","规费","税金",null,"人工费","材料费","机具费",null,"管理费","利润","规费","税金"]
["C6-9-51","仪表阀门","个",1,39.05,6.47,null,11.49,7.81,{"$nulls":3},39.05,6.47,null,null,11.49,7.81]
["人工单价",null,"小计",{"$nulls":9},39.05,6.47,null,null,11.49,7.81]
[null,null,"未计价材料费"]
["清单项目综合单价",{"$nulls":11},64.82]
["材\n料\n费\n明\n细","主要材料名称、规格、型号",{"$nulls":7},"单位","数量",null,"单价（元）",null,"合价（元）",null,null,"暂估单价\n（元）","暂估合价\n（元）"]
[null,"其他材料费",{"$nulls":10},"-",null,6.47,null,null,"-"]
[null,"材料费小计",{"$nulls":10},"-",null,6.47,null,null,"-"]
{"$rows_empty":8}
["注：1.如不使用省级或行业建设主管部门发布的计价依据，可不填定额编码、名称等；\n    2.招标文件提供了暂估单价的材料，按暂估的单价填入表内“暂估单价”栏及“暂估合价”栏。"]
[{"$nulls":15},"表-09"]
["综合单价分析表"]
["工程名称：给排水",{"$nulls":10},"标段：",{"$nulls":3},"第 25 页  共 31 页"]
["项目编码",null,"031003001004",null,"项目名称",null,"阀门",{"$nulls":3},"计量单位",null,null,"个",null,null,"工程量",null,3]
["清单综合单价组成明细"]
["定额编号","定额项目名称","定额\n单位","数量","单价",{"$nulls":7},"合价"]
[{"$nulls":4},"人工费","材料费","机具费","管理费","利润","规费","税金",null,"人工费","材料费","机具费",null,"管理费","利润","规费","税金"]
["C6-9-51","仪表阀门","个",1,39.05,6.47,null,11.49,7.81,{"$nulls":3},39.05,6.47,null,null,11.49,7.81]
["人工单价",null,"小计",{"$nulls":9},39.05,6.47,null,null,11.49,7.81]
[null,null,"未计价材料费"]
["清单项目综合单价",{"$nulls":11},64.82]
["材\n料\n费\n明\n细","主要材料名称、规格、型号",{"$nulls":7},"单位","数量",null,"单价（元）",null,"合价（元）",null,null,"暂估单价\n（元）","暂估合价\n（元）"]
[null,"其他材料费",{"$nulls":10},"-",null,6.47,null,null,"-"]
[null,"材料费小计",{"$nulls":10},"-",null,6.47,null,null,"-"]
{"$rows_empty":8}
["注：1.如不使用省级或行业建设主管部门发布的计价依据，可不填定额编码、名称等；\n    2.招标文件提供了暂估单价的材料，按暂估的单价填入表内“暂估单价”栏及“暂估合价”栏。"]
[{"$nulls":15},"表-09"]
["综合单价分析表"]
["工程名称：给排水",{"$nulls":10},"标段：",{"$nulls":3},"第 26 页  共 31 页"]
["项目编码",null,"031003001005",null,"项目名称",null,"阀门",{"$nulls":3},"计量单位",null,null,"个",null,null,"工程量",null,4]
["清单综合单价组成明细"]
["定额编号","定额项目名称","定额\n单位","数量","单价",{"$nulls":7},"合价"]
[{"$nulls":4},"人工费","材料费","机具费","管理费","利润","规费","税金",null,"人工费","材料费","机具费",null,"管理费","利润","规费","税金"]
["C6-9-51","仪表阀门","个",1,39.05,6.47,null,11.49,7.81,{"$nulls":3},39.05,6.47,null,null,11.49,7.81]
["人工单价",null,"小计",{"$nulls":9},39.05,6.47,null,null,11.49,7.81]
[null,null,"未计价材料费"]
["清单项目综合单价",{"$nulls":11},64.82]
["材\n料\n费\n明\n细","主要材料名称、规格、型号",{"$nulls":7},"单位","数量",null,"单价（元）",null,"合价（元）",null,null,"暂估单价\n（元）","暂估合价\n（元）"]
[null,"其他材料费",{"$nulls":10},"-",null,6.47,null,null,"-"]
[null,"材料费小计",{"$nulls":10},"-",null,6.47,null,null,"-"]
{"$rows_empty":8}
["注：1.如不使用省级或行业建设主管部门发布的计价依据，可不填定额编码、名称等；\n    2.招标文件提供了暂估单价的材料，按暂估的单价填入表内“暂估单价”栏及“暂估合价”栏。"]
[{"$nulls":15},"表-09"]
["综合单价分析表"]
["工程名称：给排水",{"$nulls":10},"标段：",{"$nulls":3},"第 27 页  共 31 页"]
["项目编码",null,"031004014002",null,"项目名称",null,"给、排水附件",{"$nulls":3},"计量单位",null,null,"个/组",null,null,"工程量",null,6]
["清单综合单价组成明细"]
["定额编号","定额项目名称","定额\n单位","数量","单价",{"$nulls":7},"合价"]
[{"$nulls":4},"人工费","材料费","机具费","管理费","利润","规费","税金",null,"人工费","材料费","机具费",null,"管理费","利润","规费","税金"]
["C10-4-92","地漏安装 公称直径(mm以内) 50","10个",null,165.99,0.71,null,46.01,33.2]
["人工单价",null,"小计"]
[null,null,"未计价材料费"]
["清单项目综合单价"]
["材\n料\n费\n明\n细","主要材料名称、规格、型号",{"$nulls":7},"单位","数量",null,"单价（元）",null,"合价（元）",null,null,"暂估单价\n（元）","暂估合价\n（元）"]
[null,"地漏 ",{"$nulls":7},"个"]
[null,"其他材料费",{"$nulls":10},"-",{"$nulls":4},"-"]
[null,"材料费小计",{"$nulls":10},"-",{"$nulls":4},"-"]
{"$rows_empty":7}
["注：1.如不使用省级或行业建设主管部门发布的计价依据，可不填定额编码、名称等；\n    2.招标文件提供了暂估单价的材料，按暂估的单价填入表内“暂估单价”栏及“暂估合价”栏。"]
[{"$nulls":15},"表-09"]
["综合单价分析表"]
["工程名称：给排水",{"$nulls":10},"标段：",{"$nulls":3},"第 28 页  共 31 页"]
["项目编码",null,"031004014003",null,"项目名称",null,"给、排水附件",{"$nulls":3},"计量单位",null,null,"个/组",null,null,"工程量",null,10]
["清单综合单价组成明细"]
["定额编号","定额项目名称","定额\n单位","数量","单价",{"$nulls":7},"合价"]
[{"$nulls":4},"人工费","材料费","机具费","管理费","利润","规费","税金",null,"人工费","材料费","机具费",null,"管理费","利润","规费","税金"]
["C10-4-94","地漏安装 公称直径(mm以内) 100","10个",null,376.19,0.88,null,104.28,75.24]
["人工单价",null,"小计"]
[null,null,"未计价材料费"]
["清单项目综合单价"]
["材\n料\n费\n明\n细","主要材料名称、规格、型号",{"$nulls":7},"单位","数量",null,"单价（元）",null,"合价（元）",null,null,"暂估单价\n（元）","暂估合价\n（元）"]
[null,"地漏 ",{"$nulls":7},"个"]
[null,"其他材料费",{"$nulls":10},"-",{"$nulls":4},"-"]
[null,"材料费小计",{"$nulls":10},"-",{"$nulls":4},"-"]
{"$rows_empty":7}
["注：1.如不使用省级或行业建设主管部门发布的计价依据，可不填定额编码、名称等；\n    2.招标文件提供了暂估单价的材料，按暂估的单价填入表内“暂估单价”栏及“暂估合价”栏。"]
[{"$nulls":15},"表-09"]
["综合单价分析表"]
["工程名称：给排水",{"$nulls":10},"标段：",{"$nulls":3},"第 29 页  共 31 页"]
["项目编码",null,"031302007001",null,"项目名称",null,"高层施工增加",{"$nulls":3},"计量单位",null,null,"项",null,null,"工程量",null,1]
["清单综合单价组成明细"]
["定额编号","定额项目名称","定额\n单位","数量","单价",{"$nulls":7},"合价"]
[{"$nulls":4},"人工费","材料费","机具费","管理费","利润","规费","税金",null,"人工费","材料费","机具费",null,"管理费","利润","规费","税金"]
[null,null,"未计价材料费"]
["清单项目综合单价"]
["材\n料\n费\n明\n细","主要材料名称、规格、型号",{"$nulls":7},"单位","数量",null,"单价（元）",null,"合价（元）",null,null,"暂估单价\n（元）","暂估合价\n（元）"]
{"$rows_empty":11}
["注：1.如不使用省级或行业建设主管部门发布的计价依据，可不填定额编码、名称等；\n    2.招标文件提供了暂估单价的材料，按暂估的单价填入表内“暂估单价”栏及“暂估合价”栏。"]
[{"$nulls":15},"表-09"]
["综合单价分析表"]
["工程名称：给排水",{"$nulls":10},"标段：",{"$nulls":3},"第 30 页  共 31 页"]
["项目编码",null,"031301017001",null,"项目名称",null,"脚手架搭拆费",{"$nulls":3},"计量单位",null,null,"项",null,null,"工程量",null,1]
["清单综合单价组成明细"]
["定额编号","定额项目名称","定额\n单位","数量","单价",{"$nulls":7},"合价"]
[{"$nulls":4},"人工费","材料费","机具费","管理费","利润","规费","税金",null,"人工费","材料费","机具费",null,"管理费","利润","规费","税金"]
[null,null,"未计价材料费"]
["清单项目综合单价"]
["材\n料\n费\n明\n细","主要材料名称、规格、型号",{"$nulls":7},"单位","数量",null,"单价（元）",null,"合价（元）",null,null,"暂估单价\n（元）","暂估合价\n（元）"]
{"$rows_empty":11}
["注：1.如不使用省级或行业建设主管部门发布的计价依据，可不填定额编码、名称等；\n    2.招标文件提供了暂估单价的材料，按暂估的单价填入表内“暂估单价”栏及“暂估合价”栏。"]
[{"$nulls":15},"表-09"]
["综合单价分析表"]
["工程名称：给排水",{"$nulls":10},"标段：",{"$nulls":3},"第 31 页  共 31 页"]
["项目编码",null,"031301005001",null,"项目名称",null,"套管",{"$nulls":3},"计量单位",null,null,"个",null,null,"工程量",null,33]
["清单综合单价组成明细"]
["定额编号","定额项目名称","定额\n单位","数量","单价",{"$nulls":7},"合价"]
[{"$nulls":4},"人工费","材料费","机具费","管理费","利润","规费","税金",null,"人工费","材料费","机具费",null,"管理费","利润","规费","税金"]
[null,null,"未计价材料费"]
["清单项目综合单价"]
["材\n料\n费\n明\n细","主要材料名称、规格、型号",{"$nulls":7},"单位","数量",null,"单价（元）",null,"合价（元）",null,null,"暂估单价\n（元）","暂估合价\n（元）"]
{"$rows_empty":11}
["注：1.如不使用省级或行业建设主管部门发布的计价依据，可不填定额编码、名称等；\n    2.招标文件提供了暂估单价的材料，按暂估的单价填入表内“暂估单价”栏及“暂估合价”栏。"]
[{"$nulls":15},"表-09"]

{"sheet":"表-11 总价措施项目清单与计价表","index":8,"n_rows":49,"n_cols":11,"rows_kept":49,"merged":[[0,0,0,10],[1,0,1,5],[1,6,1,7],[1,8,1,10],[2,5,2,6],[2,7,2,8],[3,5,3,6],[3,7,3,8],[4,5,4,6],[4,7,4,8],[5,5,5,6],[5,7,5,8],[6,5,6,6],[6,7,6,8],[7,5,7,6],[7,7,7,8],[8,5,8,6],[8,7,8,8],[9,5,9,6],[9,7,9,8],[10,5,10,6],[10,7,10,8],[11,5,11,6],[11,7,11,8],[12,0,12,5],[12,6,12,10],[13,0,13,5],[13,6,13,7],[13,8,13,10],[14,0,14,10],[15,0,15,5],[15,6,15,7],[15,8,15,10],[16,5,16,6],[16,7,16,8],[17,5,17,6],[17,7,17,8],[18,5,18,6],[18,7,18,8],[19,5,19,6],[19,7,19,8],[20,5,20,6],[20,7,20,8],[21,5,21,6],[21,7,21,8],[22,5,22,6],[22,7,22,8],[23,5,23,6],[23,7,23,8],[24,5,24,6],[24,7,24,8],[25,5,25,6],[25,7,25,8],[26,5,26,6],[26,7,26,8],[27,5,27,6],[27,7,27,8],[28,5,28,6],[28,7,28,8],[29,5,29,6],[29,7,29,8],[30,5,30,6],[30,7,30,8],[31,5,31,6],[31,7,31,8],[32,5,32,6],[32,7,32,8],[33,5,33,6],[33,7,33,8],[34,5,34,6],[34,7,34,8],[35,5,35,6],[35,7,35,8],[36,5,36,6],[36,7,36,8],[37,5,37,6],[37,7,37,8],[38,5,38,6],[38,7,38,8],[39,5,39,6],[39,7,39,8],[40,5,40,6],[40,7,40,8],[41,5,41,6],[41,7,41,8],[42,5,42,6],[42,7,42,8],[43,5,43,6],[43,7,43,8],[44,5,44,6],[44,7,44,8],[45,5,45,6],[45,7,45,8],[46,0,46,4],[46,5,46,6],[46,7,46,8],[47,0,47,5],[47,6,47,10],[48,0,48,5],[48,6,48,7],[48,8,48,10]]}
["总价措施项目清单与计价表"]
["工程名称：给排水",{"$nulls":5},"标段：",null,"第 1 页  共 2 页"]
["序号","项目编码","项目名称","计算基础","费率\n(%)","金额\n(元)",null,"调整\n费率(%)",null,"调整后\n金额(元)","备注"]
["1","LSSGCSF00001","绿色施工安全防护措施费","分部分项人工费+分部分项机具费","35.77",1933.79,{"$nulls":4},"以分部分项的人工费与施工机具费之和为计算基础，费率35.77%"]
["2","031301010001","安装与生产同时进行增加费用","分部分项人工费","0",{"$nulls":5},"按人工费的10%计算"]
["3","031301011001","在有害身体健康环境中施工增加费","分部分项人工费","0",{"$nulls":5},"按人工费的10%计算"]
["4","TSSGBWZJF001","在地下（暗）室、设备及大口径管道内等特殊施工部位进行施工增加费",null,"30",{"$nulls":5},"按该部分人工费的30%计算"]
["5","粤031302008001","赶工措施费","分部分项人工费+分部分项机具费","0",{"$nulls":5},"赶工措施费=（1-δ）*分部分项（人工费+施工机具费）*0.344 （0.8≤δ＜1   式中：δ=合同工期/定额工期）"]
["6","031302002001","夜间施工增加费",null,"20",{"$nulls":5},"按其夜间施工项目人工费的20%计算"]
["7","JTGRSGZJF001","交通干扰工程施工增加费",null,"10",{"$nulls":5},"按在市政道路上施工项目人工费的10%计算"]
["8","粤031302009001","文明工地增加费","分部分项人工费+分部分项机具费","0",{"$nulls":5},"以分部分项的人工费与施工机具费之和为计算基础；市级文明工地1.00%；省级文明工地2.00%"]
["9","DXGXJCJXF001","地下管线交叉降效费",{"$nulls":7},"按实际发生或经批准的施工方案计"]
["编制人（造价人员）：",{"$nulls":5},"复核人（造价工程师）："]
[{"$nulls":8},"表-11"]
["总价措施项目清单与计价表"]
["工程名称：给排水",{"$nulls":5},"标段：",null,"第 2 页  共 2 页"]
["序号","项目编码","项目名称","计算基础","费率\n(%)","金额\n(元)",null,"调整\n费率(%)",null,"调整后\n金额(元)","备注"]
[{"$nulls":10},"算"]
["10","QTFY00000001","其他费用",{"$nulls":7},"按实际发生或经批准的施工组织设计方案计算"]
{"$rows_empty":27}
["合    计",{"$nulls":4},1933.79]
["编制人（造价人员）：",{"$nulls":5},"复核人（造价工程师）："]
[{"$nulls":8},"表-11"]

{"sheet":"表-12 其他项目清单与计价汇总表","index":9,"n_rows":38,"n_cols":7,"rows_kept":38,"merged":[[0,0,0,4],[0,5,0,6],[1,0,1,6],[2,0,2,2],[2,3,2,4],[2,5,2,6],[3,2,3,3],[3,4,3,5],[4,2,4,3],[4,4,4,5],[5,2,5,3],[5,4,5,5],[6,2,6,3],[6,4,6,5],[7,2,7,3],[7,4,7,5],[8,2,8,3],[8,4,8,5],[9,2,9,3],[9,4,9,5],[10,2,10,3],[10,4,10,5],[11,2,11,3],[11,4,11,5],[12,2,12,3],[12,4,12,5],[13,2,13,3],[13,4,13,5],[14,2,14,3],[14,4,14,5],[15,2,15,3],[15,4,15,5],[16,2,16,3],[16,4,16,5],[17,2,17,3],[17,4,17,5],[18,2,18,3],[18,4,18,5],[19,2,19,3],[19,4,19,5],[20,2,20,3],[20,4,20,5],[21,2,21,3],[21,4,21,5],[22,2,22,3],[22,4,22,5],[23,2,23,3],[23,4,23,5],[24,2,24,3],[24,4,24,5],[25,2,25,3],[25,4,25,5],[26,2,26,3],[26,4,26,5],[27,2,27,3],[27,4,27,5],[28,2,28,3],[28,4,28,5],[29,2,29,3],[29,4,29,5],[30,2,30,3],[30,4,30,5],[31,2,31,3],[31,4,31,5],[32,2,32,3],[32,4,32,5],[33,2,33,3],[33,4,33,5],[34,2,34,3],[34,4,34,5],[35,2,35,3],[35,4,35,5],[36,0,36,6],[37,0,37,2],[37,3,37,4],[37,5,37,6]]}
[]
["其他项目清单与计价汇总表"]
["工程名称：给排水",null,null,"标段：",null,"第 1 页  共 1 页"]
["序号","项目名称","金额（元）",null,"结算金额（元）",null,"备注"]
["1","暂列金额",{"$nulls":4},"明细详见表-12-1"]
["2","暂估价"]
["2.1","材料暂估价","—",{"$nulls":3},"明细详见表-12-2"]
["2.2","专业工程暂估价",{"$nulls":4},"明细详见表-12-3"]
["3","计日工",{"$nulls":4},"明细详见表-12-4"]
["4","总承包服务费",{"$nulls":4},"明细详见表-12-5"]
["5","预算包干费"]
["6","工程优质费"]
["7","概算幅度差"]
["8","现场签证费用"]
["9","索赔费用"]
["10","其他费用"]
{"$rows_empty":19}
[null,"合  计","0.00",{"$nulls":3},"—"]
["注：材料（工程设备）暂估单价进入清单项目综合单价，此处不汇总。"]
[{"$nulls":5},"表—12"]

{"sheet":"表-12-1 暂列金额表","index":10,"n_rows":38,"n_cols":7,"rows_kept":38,"merged":[[0,0,0,4],[0,5,0,6],[1,0,1,6],[2,0,2,2],[2,3,2,4],[2,5,2,6],[3,2,3,3],[3,4,3,5],[4,2,4,3],[4,4,4,5],[5,2,5,3],[5,4,5,5],[6,2,6,3],[6,4,6,5],[7,2,7,3],[7,4,7,5],[8,2,8,3],[8,4,8,5],[9,2,9,3],[9,4,9,5],[10,2,10,3],[10,4,10,5],[11,2,11,3],[11,4,11,5],[12,2,12,3],[12,4,12,5],[13,2,13,3],[13,4,13,5],[14,2,14,3],[14,4,14,5],[15,2,15,3],[15,4,15,5],[16,2,16,3],[16,4,16,5],[17,2,17,3],[17,4,17,5],[18,2,18,3],[18,4,18,5],[19,2,19,3],[19,4,19,5],[20,2,20,3],[20,4,20,5],[21,2,21,3],[21,4,21,5],[22,2,22,3],[22,4,22,5],[23,2,23,3],[23,4,23,5],[24,2,24,3],[24,4,24,5],[25,2,25,3],[25,4,25,5],[26,2,26,3],[26,4,26,5],[27,2,27,3],[27,4,27,5],[28,2,28,3],[28,4,28,5],[29,2,29,3],[29,4,29,5],[30,2,30,3],[30,4,30,5],[31,2,31,3],[31,4,31,5],[32,2,32,3],[32,4,32,5],[33,2,33,3],[33,4,33,5],[34,2,34,3],[34,4,34,5],[35,0,35,3],[35,4,35,5],[36,0,36,6],[37,0,37,2],[37,3,37,4],[37,5,37,6]]}
[]
["暂列金额明细表"]
["工程名称：给排水",null,null,"标段：",null,"第 1 页  共 1 页"]
["序号","名称","计量单位",null,"暂定金额（元）",null,"备注"]
["1"]
{"$rows_empty":30}
["合    计",{"$nulls":3},"0",null,"—"]
["注：此表由招标人填写，如不能详列，也可只列暂列金额总额，投标人应将上述暂列金额计入投标总价中。"]
[{"$nulls":5},"表—12—1"]

{"sheet":"表-12-2 材料(工程设备)暂估价及调整表","index":11,"n_rows":38,"n_cols":14,"rows_kept":38,"merged":[[0,0,0,9],[0,10,0,13],[1,0,1,13],[2,0,2,6],[2,7,2,9],[2,10,2,13],[3,0,4,0],[3,1,4,1],[3,2,4,2],[3,3,3,4],[3,5,3,7],[3,8,3,10],[3,11,3,12],[4,6,4,7],[4,9,4,10],[5,6,5,7],[5,9,5,10],[6,6,6,7],[6,9,6,10],[7,6,7,7],[7,9,7,10],[8,6,8,7],[8,9,8,10],[9,6,9,7],[9,9,9,10],[10,6,10,7],[10,9,10,10],[11,6,11,7],[11,9,11,10],[12,6,12,7],[12,9,12,10],[13,6,13,7],[13,9,13,10],[14,6,14,7],[14,9,14,10],[15,6,15,7],[15,9,15,10],[16,6,16,7],[16,9,16,10],[17,6,17,7],[17,9,17,10],[18,6,18,7],[18,9,18,10],[19,6,19,7],[19,9,19,10],[20,6,20,7],[20,9,20,10],[21,6,21,7],[21,9,21,10],[22,6,22,7],[22,9,22,10],[23,6,23,7],[23,9,23,10],[24,6,24,7],[24,9,24,10],[25,6,25,7],[25,9,25,10],[26,6,26,7],[26,9,26,10],[27,6,27,7],[27,9,27,10],[28,6,28,7],[28,9,28,10],[29,6,29,7],[29,9,29,10],[30,6,30,7],[30,9,30,10],[31,6,31,7],[31,9,31,10],[32,6,32,7],[32,9,32,10],[33,6,33,7],[33,9,33,10],[34,6,34,7],[34,9,34,10],[35,0,35,2],[35,6,35,7],[35,9,35,10],[36,0,36,13],[37,0,37,6],[37,7,37,9],[37,10,37,13]]}
[]
["材料（工程设备）暂估单价及调整表"]
["工程名称：给排水",{"$nulls":6},"标段：",null,null,"第 1 页  共 1 页"]
["序号","材料(工程设备)\n名称、规格、型号","计量单位","数量",null,"暂估（元）",null,null,"确认(元)",null,null,"差额±(元)",null,"备注"]
[{"$nulls":3},"暂估","确认","单价","合价",null,"单价","合价",null,"单价","合价"]
{"$rows_empty":30}
["合     计"]
["注：1.此表由招标人填写“暂估单价”，并在备注栏说明暂估价的材料、工程设备拟用在那些清单项目上，投标人应将上述材料、工程设备暂估单价计入工程量清单综合单价报价中"]
[{"$nulls":10},"表—12—2"]

{"sheet":"表-12-3 专业工程暂估价及结算价表","index":12,"n_rows":37,"n_cols":9,"rows_kept":37,"merged":[[0,0,0,5],[0,6,0,8],[1,0,1,8],[2,0,2,3],[2,4,2,5],[2,6,2,8],[3,3,3,4],[3,5,3,6],[4,3,4,4],[4,5,4,6],[5,3,5,4],[5,5,5,6],[6,3,6,4],[6,5,6,6],[7,3,7,4],[7,5,7,6],[8,3,8,4],[8,5,8,6],[9,3,9,4],[9,5,9,6],[10,3,10,4],[10,5,10,6],[11,3,11,4],[11,5,11,6],[12,3,12,4],[12,5,12,6],[13,3,13,4],[13,5,13,6],[14,3,14,4],[14,5,14,6],[15,3,15,4],[15,5,15,6],[16,3,16,4],[16,5,16,6],[17,3,17,4],[17,5,17,6],[18,3,18,4],[18,5,18,6],[19,3,19,4],[19,5,19,6],[20,3,20,4],[20,5,20,6],[21,3,21,4],[21,5,21,6],[22,3,22,4],[22,5,22,6],[23,3,23,4],[23,5,23,6],[24,3,24,4],[24,5,24,6],[25,3,25,4],[25,5,25,6],[26,3,26,4],[26,5,26,6],[27,3,27,4],[27,5,27,6],[28,3,28,4],[28,5,28,6],[29,3,29,4],[29,5,29,6],[30,3,30,4],[30,5,30,6],[31,3,31,4],[31,5,31,6],[32,3,32,4],[32,5,32,6],[33,3,33,4],[33,5,33,6],[34,0,34,2],[34,3,34,4],[34,5,34,6],[35,0,35,8],[36,0,36,3],[36,4,36,5],[36,6,36,8]]}
[]
["专业工程暂估价及结算价表"]
["工程名称：给排水",{"$nulls":3},"标段：",null,"第 1 页  共 1 页"]
["序号","工程名称","工程内容","暂估金额\n（元）",null,"结算金额\n(元)",null,"差额\n±(元)","备注"]
["1"]
{"$rows_empty":29}
["合    计",null,null,"0.00",{"$nulls":4},"—"]
["注：此表“暂估金额”由招标人填写，投标人应将“暂估金额”计入投标总价中。结算时按合同约定结算金额填写。"]
[{"$nulls":6},"表—12—3"]

{"sheet":"表-12-4 计日工表","index":13,"n_rows":38,"n_cols":10,"rows_kept":38,"merged":[[0,0,0,9],[1,0,1,4],[1,5,1,6],[1,7,1,9],[2,0,3,0],[2,1,3,1],[2,2,3,2],[2,3,3,3],[2,4,3,5],[2,6,3,7],[2,8,2,9],[4,4,4,5],[4,6,4,7],[5,4,5,5],[5,6,5,7],[6,0,6,7],[7,4,7,5],[7,6,7,7],[8,4,8,5],[8,6,8,7],[9,0,9,7],[10,4,10,5],[10,6,10,7],[11,4,11,5],[11,6,11,7],[12,0,12,7],[13,4,13,5],[13,6,13,7],[14,4,14,5],[14,6,14,7],[15,4,15,5],[15,6,15,7],[16,4,16,5],[16,6,16,7],[17,4,17,5],[17,6,17,7],[18,4,18,5],[18,6,18,7],[19,4,19,5],[19,6,19,7],[20,4,20,5],[20,6,20,7],[21,4,21,5],[21,6,21,7],[22,4,22,5],[22,6,22,7],[23,4,23,5],[23,6,23,7],[24,4,24,5],[24,6,24,7],[25,4,25,5],[25,6,25,7],[26,4,26,5],[26,6,26,7],[27,4,27,5],[27,6,27,7],[28,4,28,5],[28,6,28,7],[29,4,29,5],[29,6,29,7],[30,4,30,5],[30,6,30,7],[31,4,31,5],[31,6,31,7],[32,4,32,5],[32,6,32,7],[33,4,33,5],[33,6,33,7],[34,0,34,7],[35,0,35,7],[36,0,36,9],[37,0,37,4],[37,5,37,6],[37,7,37,9]]}
["计日工表"]
["工程名称：给排水",{"$nulls":4},"标段：",null,"第 1 页  共 1 页"]
["编号","项目名称","单位","暂定数量","实际数量",null,"综合单价\n(元)",null,"合价（元）"]
[{"$nulls":8},"暂定","实际"]
["1","人工"]
["1.1"]
["人工小计"]
["2","材料"]
["2.1"]
["材料小计"]
["3","施工机具"]
["3.1"]
["施工机具小计"]
{"$rows_empty":21}
["4.企业管理费和利润"]
["总         计"]
["注：此表项目名称、暂定数量由招标人填写，编制招标控制价时，单价由招标人按有关计价规定确定；投标时，单价由投标人自主报价，按暂定数量计算合价计入投标总价中。结算时，按发承包双方确认的实际数量计算合价。"]
[{"$nulls":7},"表—12—4"]

{"sheet":"表-12-5 总承包服务费计价表","index":14,"n_rows":38,"n_cols":9,"rows_kept":38,"merged":[[0,0,0,5],[0,6,0,8],[1,0,1,8],[2,0,2,3],[2,4,2,5],[2,6,2,8],[3,3,3,4],[3,5,3,6],[4,3,4,4],[4,5,4,6],[5,3,5,4],[5,5,5,6],[6,3,6,4],[6,5,6,6],[7,3,7,4],[7,5,7,6],[8,3,8,4],[8,5,8,6],[9,3,9,4],[9,5,9,6],[10,3,10,4],[10,5,10,6],[11,3,11,4],[11,5,11,6],[12,3,12,4],[12,5,12,6],[13,3,13,4],[13,5,13,6],[14,3,14,4],[14,5,14,6],[15,3,15,4],[15,5,15,6],[16,3,16,4],[16,5,16,6],[17,3,17,4],[17,5,17,6],[18,3,18,4],[18,5,18,6],[19,3,19,4],[19,5,19,6],[20,3,20,4],[20,5,20,6],[21,3,21,4],[21,5,21,6],[22,3,22,4],[22,5,22,6],[23,3,23,4],[23,5,23,6],[24,3,24,4],[24,5,24,6],[25,3,25,4],[25,5,25,6],[26,3,26,4],[26,5,26,6],[27,3,27,4],[27,5,27,6],[28,3,28,4],[28,5,28,6],[29,3,29,4],[29,5,29,6],[30,3,30,4],[30,5,30,6],[31,3,31,4],[31,5,31,6],[32,3,32,4],[32,5,32,6],[33,3,33,4],[33,5,33,6],[34,3,34,4],[34,5,34,6],[35,0,35,7],[36,0,36,8],[37,0,37,3],[37,4,37,5],[37,6,37,8]]}
[]
["总承包服务费计价表"]
["工程名称：给排水",{"$nulls":3},"标段：",null,"第 1 页  共 1 页"]
["序号","项目名称","项目价值（元）","服务内容",null,"计算基础",null,"费率(%)","金额"]
["1"]
{"$rows_empty":30}
["合    计",{"$nulls":7},"0.00"]
["注：此表项目名称、服务内容由招标人填写，编制招标控制价时，费率及金额由招标人按有关计价规定确定；投标时，费率及金额由投标人自主报价，计入投标总价中。"]
[{"$nulls":6},"表—12—5"]

{"sheet":"表-13 规费、税金项目清单与计价表","index":15,"n_rows":37,"n_cols":8,"rows_kept":37,"merged":[[0,0,0,7],[1,0,1,2],[1,3,1,5],[1,6,1,7],[2,2,2,3],[2,5,2,6],[3,2,3,3],[3,5,3,6],[4,2,4,3],[4,5,4,6],[5,2,5,3],[5,5,5,6],[6,2,6,3],[6,5,6,6],[7,2,7,3],[7,5,7,6],[8,2,8,3],[8,5,8,6],[9,2,9,3],[9,5,9,6],[10,2,10,3],[10,5,10,6],[11,2,11,3],[11,5,11,6],[12,2,12,3],[12,5,12,6],[13,2,13,3],[13,5,13,6],[14,2,14,3],[14,5,14,6],[15,2,15,3],[15,5,15,6],[16,2,16,3],[16,5,16,6],[17,2,17,3],[17,5,17,6],[18,2,18,3],[18,5,18,6],[19,2,19,3],[19,5,19,6],[20,2,20,3],[20,5,20,6],[21,2,21,3],[21,5,21,6],[22,2,22,3],[22,5,22,6],[23,2,23,3],[23,5,23,6],[24,2,24,3],[24,5,24,6],[25,2,25,3],[25,5,25,6],[26,2,26,3],[26,5,26,6],[27,2,27,3],[27,5,27,6],[28,2,28,3],[28,5,28,6],[29,2,29,3],[29,5,29,6],[30,2,30,3],[30,5,30,6],[31,2,31,3],[31,5,31,6],[32,2,32,3],[32,5,32,6],[33,2,33,3],[33,5,33,6],[34,0,34,6],[35,0,35,2],[35,3,35,7],[36,0,36,2],[36,3,36,5],[36,6,36,7]]}
["规费、税金项目清单与计价表"]
["工程名称：给排水",null,null,"标段：",null,null,"第 1 页  共 1 页"]
["序号","项目名称","计算基础",null,"计算基数","计算费率\n(%)",null,"金额(元)"]
["1","增值税销项税额","分部分项合计+措施合计+其他项目",null,10633.49,"9",null,957.01]
{"$rows_empty":30}
["合    计",{"$nulls":6},957.01]
[" 编制人（造价人员）：张华盛",null,null,"复核人（造价工程师）：叶国宏"]
[{"$nulls":6},"表—13"]

{"sheet":"表-20 发包人提供材料和工程设备一览表","index":16,"n_rows":37,"n_cols":10,"rows_kept":37,"merged":[[0,0,0,9],[1,0,1,4],[1,5,1,6],[1,7,1,9],[2,4,2,5],[2,6,2,7],[3,4,3,5],[3,6,3,7],[4,4,4,5],[4,6,4,7],[5,4,5,5],[5,6,5,7],[6,4,6,5],[6,6,6,7],[7,4,7,5],[7,6,7,7],[8,4,8,5],[8,6,8,7],[9,4,9,5],[9,6,9,7],[10,4,10,5],[10,6,10,7],[11,4,11,5],[11,6,11,7],[12,4,12,5],[12,6,12,7],[13,4,13,5],[13,6,13,7],[14,4,14,5],[14,6,14,7],[15,4,15,5],[15,6,15,7],[16,4,16,5],[16,6,16,7],[17,4,17,5],[17,6,17,7],[18,4,18,5],[18,6,18,7],[19,4,19,5],[19,6,19,7],[20,4,20,5],[20,6,20,7],[21,4,21,5],[21,6,21,7],[22,4,22,5],[22,6,22,7],[23,4,23,5],[23,6,23,7],[24,4,24,5],[24,6,24,7],[25,4,25,5],[25,6,25,7],[26,4,26,5],[26,6,26,7],[27,4,27,5],[27,6,27,7],[28,4,28,5],[28,6,28,7],[29,4,29,5],[29,6,29,7],[30,4,30,5],[30,6,30,7],[31,4,31,5],[31,6,31,7],[32,4,32,5],[32,6,32,7],[33,4,33,5],[33,6,33,7],[34,4,34,5],[34,6,34,7],[35,0,35,6],[35,7,35,9],[36,0,36,6],[36,7,36,9]]}
["发包人提供材料和工程设备一览表"]
["工程名称：给排水",{"$nulls":4},"标段：",null,"第 1 页  共 1 页"]
["序号","材料(工程设备)\n名称、规格、型号","单位","数量","单价(元)",null,"交货方式",null,"送达地点","备注"]
{"$rows_empty":32}
["注：此表由招标人填写，供投标人在投标报价、确定总承包服务费时参考"]
[{"$nulls":7},"表-20"]

{"sheet":"表-21 承包人提供主要材料和工程设备一览表","index":17,"n_rows":36,"n_cols":11,"rows_kept":36,"merged":[[0,0,0,10],[1,0,1,10],[2,0,2,5],[2,6,2,7],[2,8,2,10],[3,5,3,6],[3,7,3,8],[4,5,4,6],[4,7,4,8],[5,5,5,6],[5,7,5,8],[6,5,6,6],[6,7,6,8],[7,5,7,6],[7,7,7,8],[8,5,8,6],[8,7,8,8],[9,5,9,6],[9,7,9,8],[10,5,10,6],[10,7,10,8],[11,5,11,6],[11,7,11,8],[12,5,12,6],[12,7,12,8],[13,5,13,6],[13,7,13,8],[14,5,14,6],[14,7,14,8],[15,5,15,6],[15,7,15,8],[16,5,16,6],[16,7,16,8],[17,5,17,6],[17,7,17,8],[18,5,18,6],[18,7,18,8],[19,5,19,6],[19,7,19,8],[20,5,20,6],[20,7,20,8],[21,5,21,6],[21,7,21,8],[22,5,22,6],[22,7,22,8],[23,5,23,6],[23,7,23,8],[24,5,24,6],[24,7,24,8],[25,5,25,6],[25,7,25,8],[26,5,26,6],[26,7,26,8],[27,5,27,6],[27,7,27,8],[28,5,28,6],[28,7,28,8],[29,5,29,6],[29,7,29,8],[30,5,30,6],[30,7,30,8],[31,5,31,6],[31,7,31,8],[32,5,32,6],[32,7,32,8],[33,5,33,6],[33,7,33,8],[34,0,34,10],[35,0,35,5],[35,6,35,7],[35,8,35,10]]}
["承包人提供主要材料和工程设备一览表"]
["(适用于造价信息差额调整法)"]
["工程名称：给排水",{"$nulls":5},"标段：",null,"第 1 页  共 1 页"]
["序号","名称、规格、型号","单位","数量","风险系数\n(%)","基准单价\n（元）",null,"投标单价",null,"发承包人\n确认单价\n(元)","备注"]
{"$rows_empty":30}
["注：1.此表由招标人填写除“投标单价”栏的内容，投标人在投标时自主确定投标单价。\n    2.基准单价应优先采用工程造价管理机构发布的单价，未发布的，通过市场调查确定其基准单价。"]
[{"$nulls":8},"表-21"]

{"sheet":"表-22 承包人提供主要材料和工程设备一览表","index":18,"n_rows":35,"n_cols":8,"rows_kept":35,"merged":[[0,0,0,7],[1,0,1,7],[2,0,2,3],[2,4,2,5],[2,6,2,7],[3,3,3,4],[3,5,3,6],[4,3,4,4],[4,5,4,6],[5,3,5,4],[5,5,5,6],[6,3,6,4],[6,5,6,6],[7,3,7,4],[7,5,7,6],[8,3,8,4],[8,5,8,6],[9,3,9,4],[9,5,9,6],[10,3,10,4],[10,5,10,6],[11,3,11,4],[11,5,11,6],[12,3,12,4],[12,5,12,6],[13,3,13,4],[13,5,13,6],[14,3,14,4],[14,5,14,6],[15,3,15,4],[15,5,15,6],[16,3,16,4],[16,5,16,6],[17,3,17,4],[17,5,17,6],[18,3,18,4],[18,5,18,6],[19,3,19,4],[19,5,19,6],[20,3,20,4],[20,5,20,6],[21,3,21,4],[21,5,21,6],[22,3,22,4],[22,5,22,6],[23,3,23,4],[23,5,23,6],[24,3,24,4],[24,5,24,6],[25,3,25,4],[25,5,25,6],[26,3,26,4],[26,5,26,6],[27,3,27,4],[27,5,27,6],[28,3,28,4],[28,5,28,6],[29,3,29,4],[29,5,29,6],[30,3,30,4],[30,5,30,6],[31,3,31,4],[31,5,31,6],[32,0,32,1],[32,3,32,4],[32,5,32,6],[33,0,33,7],[34,0,34,3],[34,4,34,5],[34,6,34,7]]}
["承包人提供主要材料和工程设备一览表"]
["(适用于价格指数差额调整法)"]
["工程名称：给排水",{"$nulls":3},"标段：",null,"第 1 页  共 1 页"]
["序号","名称、规格、型号","变值权重B","基本价格指数F0",null,"现行价格指数Ft",null,"备注"]
{"$rows_empty":27}
[null,"定值权重A",null,"—",null,"—"]
["合计",null,"1","—",null,"—"]
["注：1.此表“材料和工程设备名称”、“规格型号”、“基本价格指数”栏由招标人填写，基本价格指数应首先采用工程造价管理机构发布的价格指数，没有时，可采用发布的价格代替。\n    2.此表“变值权重”栏由投标人根据该项材料和工程设备价值在投标报价中所占的比例填写。\n    3.“现行价格指数”按约定的付款证书相关周期最后一天的前42天的各项材料和工程设备的价格指数填写，该指数应首先采用工程造价管理机构发布的价格指数，没有时，可采用发布的价格代替。"]
[{"$nulls":6},"表-22"]